Every Genshin Impact Soundtrack Song - Statistics

General Stats
  • This quiz has been taken 3 times
  • The average score is 207 of 1678
Answer Stats
Album Song % Correct
The Stellar Moments Bard's Adventure
100%
Fountain of Belleau Fontaine
100%
Realm of Tranquil Eternity Inazuma
100%
City of Winds and Idylls Knights of Favonius
100%
Land of Tleyaoyotl Natlan
100%
Outside It Is Growing Dark Nod-Krai
100%
The Stellar Moments Qilin's Prance
100%
The Stellar Moments Rex Incognito
100%
Forest of Jnana and Vidya Sumeru
100%
The Wind and the Star Traveler A Day in Mondstadt
67%
City of Winds and Idylls A Happy Day
67%
City of Winds and Idylls Another Day in Mondstadt
67%
The Stellar Moments Vol. 2 Any Last Words?
67%
City of Winds and Idylls Beats of Water Drops
67%
The Wind and the Star Traveler Caelestinum Finale Termini
67%
The Stellar Moments, Vol. 3 Caprice of the Leaves
67%
The Stellar Moments Vol. 2 Dance of Aphros
67%
Outside It Is Growing Dark Desire's Intent
67%
Realm of Tranquil Eternity Fall of Maples
67%
Jade Moon Upon a Sea of Clouds Flows of Jade-Like Water
67%
Jade Moon Upon a Sea of Clouds Gallant Challenge
67%
Cantus Aeternus Giorno per giorno
67%
Vortex of Legends Glistening Shards
67%
City of Winds and Idylls His Resolution
67%
Forest of Jnana and Vidya Hustle and Bustle of Ormos
67%
The Shimmering Voyage Hymn of the Pearl
67%
Outside It Is Growing Dark Hymn to the Moon
67%
Fountain of Belleau Lamentation et Triomphe
67%
The Stellar Moments Let's Go, Crimson Knight!
67%
Jade Moon Upon a Sea of Clouds Liyue
67%
City of Winds and Idylls Meeting Amber
67%
The Shimmering Voyage, Vol. 2 Midnight in Mondstadt
67%
Jade Moon Upon a Sea of Clouds Moon in One's Cup
67%
The Stellar Moments, Vol. 4 Nippy Bout
67%
The Shimmering Voyage Ode to Azhdaha
67%
The Shimmering Voyage Ominous Fandango
67%
The Shimmering Voyage Overture of Falling Stars
67%
City of Winds and Idylls Photon of Fluctuation
67%
The Unfathomable Sand Dunes Polumnia Omnia
67%
Jade Moon Upon a Sea of Clouds Rapid as Wildfires
67%
City of Winds and Idylls Restless Blazing Sun
67%
The Stellar Moments, Vol. 5 Romari Time!
67%
The Stellar Moments Sieh an, mein Sommernachtgarten!
67%
City of Winds and Idylls Slight Distress
67%
The Stellar Moments, Vol. 6 Song to the Mirrored Moon
67%
Islands of the Lost and Forgotten Stroll Along the Beach
67%
City of Winds and Idylls Tender Strength
67%
The Stellar Moments Vol. 2 Termination of Desires
67%
Outside It Is Growing Dark The Bustling Port Market
67%
The Unfathomable Sand Dunes The Caress of Three Mothers
67%
The Wind and the Star Traveler The Edge of the Prairie
67%
Realm of Tranquil Eternity Thoughts of Lightning
67%
Islands of the Lost and Forgotten Thunderings of the Merciless
67%
Outside It Is Growing Dark Tourdion of Silver Seagulls
67%
Outside It Is Growing Dark Unfurling Night
67%
Jade Moon Upon a Sea of Clouds Winding River
67%
The Stellar Moments, Vol. 3 Winding Through Avidya
67%
The Shimmering Voyage Wrath of Monoceros Caeli
67%
Vortex of Legends Abiding Chills
33%
Outside It Is Growing Dark A Borrowed Hour
33%
Jade Moon Upon a Sea of Clouds Above the Sea of Clouds
33%
Cantus Aeternus Absolutio Absoluta Absolutissime
33%
Outside It Is Growing Dark A Carefree Cup
33%
Jade Moon Upon a Sea of Clouds A Casual Visit
33%
City of Winds and Idylls Acquaintance (Statue of The Seven)
33%
The Shimmering Voyage A Cunning Trick
33%
Land of Tleyaoyotl A Dance in Fire
33%
Jade Moon Upon a Sea of Clouds Adeptus' Retirement
33%
Jade Moon Upon a Sea of Clouds Adeptus' Solace
33%
Vortex of Legends Ad Oblivione
33%
City of Winds and Idylls A Familiar Sight and Leisure
33%
Land of Tleyaoyotl After So Many Words
33%
City of Winds and Idylls Against All Odds
33%
Realm of Tranquil Eternity Against the Invisible Net
33%
Outside It Is Growing Dark A Green Hill Remade
33%
Realm of Tranquil Eternity A Harmonious Rest
33%
Jadeite Redolence A Jade-Like Ode
33%
The Shimmering Voyage A Letter from Afar
33%
Outside It Is Growing Dark A Lie of Aila
33%
The Shimmering Voyage All-Conquering Tide
33%
The Shimmering Voyage, Vol. 4 All Passed With the Rain
33%
Islands of the Lost and Forgotten A Memorable Fancy
33%
Jadeite Redolence Amidst Foggy Mountains
33%
Jadeite Redolence A Mild Tale Untold
33%
Outside It Is Growing Dark Ancient Heirs of Grace
33%
Jadeite Redolence Ancient Slumber
33%
City of Winds and Idylls A New Day with Hope
33%
The Shimmering Voyage A New Summer Adventure!
33%
City of Winds and Idylls Angel's Share
33%
The Shimmering Voyage An Inauspicious Blow
33%
City of Winds and Idylls An Interesting Labour
33%
The Shimmering Voyage A Noble Sacrifice
33%
Jade Moon Upon a Sea of Clouds Another Hopeful Tomorrow
33%
The Unfathomable Sand Dunes A Pearl Amongst Legends
33%
The Shimmering Voyage, Vol. 3 A Pensive Sigh
33%
Cantus Aeternus Aqueous Grief
33%
The Shimmering Voyage Ariel's Footprints
33%
Jade Moon Upon a Sea of Clouds A Serendipitous Encounter
33%
The Stellar Moments, Vol. 3 As Miko Pleases
33%
The Shimmering Voyage A Sparky Clash
33%
The Unfathomable Sand Dunes Aspiration of Guardians
33%
The Wind and the Star Traveler A Storm, A Spire, and A Sanctum (Dvalin's Nest)
33%
The Shimmering Voyage, Vol. 3 Astral Chime
33%
The Shimmering Voyage, Vol. 4 Astral Yearning
33%
Pelagic Primaevality A Sweet Dream in Fontaine
33%
The Wind and the Star Traveler A Sweet Smile
33%
The Wind and the Star Traveler A Tale of Two Dragons
33%
Outside It Is Growing Dark At Ease Near Night's End
33%
Outside It Is Growing Dark A Thirst That Cuts
33%
Jade Moon Upon a Sea of Clouds A Transparent Moon (Liuli Pavilion)
33%
City of Winds and Idylls Awaiting the Future
33%
The Shimmering Voyage A Wicked Plot
33%
The Shimmering Voyage A Yearning Breeze
33%
The Shimmering Voyage Battle Preparation
33%
Land of Tleyaoyotl Beat of Boulders
33%
City of Winds and Idylls Beckoning - Genshin Impact Main Theme Var.
33%
City of Winds and Idylls Before Dawn, at the Winery
33%
The Shimmering Voyage, Vol. 4 Benediction of Dreams
33%
The Unfathomable Sand Dunes Benevolence Bequeathed
33%
Land of Tleyaoyotl Bequeathed to the Beloved
33%
Jade Moon Upon a Sea of Clouds Bird Call from Afar
33%
Jade Moon Upon a Sea of Clouds Blossoms Across the Valley
33%
The Stellar Moments Vol. 2 Blossoms of Summer Night
33%
Realm of Tranquil Eternity Blue Dream
33%
Where Roads Are Pledged to Cross Branches They Bore Homeward
33%
Where Roads Are Pledged to Cross Brave Vow
33%
Jadeite Redolence Brocade Dreams
33%
The Shimmering Voyage, Vol. 3 Bustling Bazaar
33%
The Shimmering Voyage, Vol. 4 Callirhoe's Prayer
33%
Jade Moon Upon a Sea of Clouds Call It a Day in Liyue
33%
The Stellar Moments, Vol. 6 Catching the Glow
33%
The Shimmering Voyage Cautious Explorers
33%
The Stellar Moments, Vol. 3 Chapter of a New Era
33%
City of Winds and Idylls Charge! Fearless Warriors
33%
Land of Tleyaoyotl Chasing the Rainbow
33%
Jade Moon Upon a Sea of Clouds Chasing the Torrents
33%
Vortex of Legends Chattering Snowflakes
33%
Jade Moon Upon a Sea of Clouds Clear Sky over Liyue
33%
The Stellar Moments, Vol. 4 Cogitation of Epochs
33%
City of Winds and Idylls Cold Night
33%
Where Roads Are Pledged to Cross Columbina's Poem
33%
The Shimmering Voyage Comforting Quietude
33%
Pelagic Primaevality Comme il vous plaira
33%
Cantus Aeternus Consolation of Many Waters
33%
The Stellar Moments Contemplation in Snow
33%
Pelagic Primaevality Coral Coronation
33%
The Shimmering Voyage Cozy Company
33%
Jade Moon Upon a Sea of Clouds Cozy Leisure Time (Wangshu Daytime)
33%
Jadeite Redolence Creeks of Nostalgia
33%
Jadeite Redolence Creek's Shade
33%
Outside It Is Growing Dark Dalliance of Crystal Light
33%
The Shimmering Voyage Dance with the Great Vortex
33%
Where Roads Are Pledged to Cross Das Favoniuslied
33%
The Wind and the Star Traveler Dawn Winery Theme
33%
The Shimmering Voyage Vol. 5 Delices de ce monde
33%
The Stellar Moments, Vol. 6 Del Nepatekejusio Menulio
33%
Cantus Aeternus Deplorable Capital
33%
The Unfathomable Sand Dunes Desert Lullaby
33%
The Shimmering Voyage Destined Parting
33%
Fleeting Colors in Flight Devastation and Redemption
33%
The Stellar Moments Vol. 2 Devotion of the Keeper
33%
Jade Moon Upon a Sea of Clouds Distant Resonance
33%
The Unfathomable Sand Dunes Dividing Paths
33%
The Shimmering Voyage, Vol. 4 Down by the Forgotten Gardens
33%
The Wind and the Star Traveler Dream Aria - Genshin Impact Main Theme Var.
33%
Outside It Is Growing Dark Dream of Birch and Pellucid Water
33%
Realm of Tranquil Eternity Dream of Scattered Petals
33%
The Shimmering Voyage, Vol. 3 Dream of White Branches
33%
Outside It Is Growing Dark Dreams of Joy Departed
33%
Radiance Aflame Drifting Into Dream
33%
Jade Moon Upon a Sea of Clouds Drink with a Hermit
33%
City of Winds and Idylls Dusk in Mondstadt
33%
Jadeite Redolence Dusk's Descent
33%
Land of Tleyaoyotl Dust of Dusklands
33%
The Shimmering Voyage Dvalin is Landing!
33%
City of Winds and Idylls Dwelling in the Past
33%
Outside It Is Growing Dark Dzwony Na Nieszpory
33%
Cantus Aeternus Ed e subito sera
33%
The Shimmering Voyage, Vol. 2 Elogia Cinerosa
33%
Jadeite Redolence Embracing a Misty Sheen
33%
Jade Moon Upon a Sea of Clouds Emerging Clouds
33%
The Unfathomable Sand Dunes Empire of Sand
33%
City of Winds and Idylls Endless Echoes
33%
Where Roads Are Pledged to Cross Enigma in the Lunar Cradle
33%
The Shimmering Voyage Vol. 5 Ensnared Upon the Chessboard
33%
City of Winds and Idylls Eternal Anamnesis - Genshin Impact Main Theme Var.
33%
Radiance Aflame Evening's Ease
33%
Forest of Jnana and Vidya Evergreen Wish
33%
Realm of Tranquil Eternity Everlasting Devotion
33%
The Shimmering Voyage, Vol. 4 Everlasting Promise
33%
The Stellar Moments Exclusive Specialty
33%
Islands of the Lost and Forgotten Fading Memories
33%
Jade Moon Upon a Sea of Clouds Faint Tracks
33%
The Unfathomable Sand Dunes Fantasy of Ten Thousand Blossoms
33%
The Shimmering Voyage Faraway Solitude
33%
The Shimmering Voyage Fateful Departing
33%
Vortex of Legends Finale of the Snowtomb
33%
The Shimmering Voyage Fireside Rest
33%
The Shimmering Voyage, Vol. 3 First Blossom of Spring
33%
The Stellar Moments Flaming Fry
33%
Jade Moon Upon a Sea of Clouds Flickering Petals
33%
Forest of Jnana and Vidya Flickering Shadows of Trees
33%
Jade Moon Upon a Sea of Clouds Flow of Mildness
33%
The Shimmering Voyage Vol. 5 Fluttering Upon the Wind
33%
Jade Moon Upon a Sea of Clouds Foregone Giants
33%
City of Winds and Idylls Forlorn Child of Archaic Winds (Dvalin's Nest)
33%
Forest of Jnana and Vidya For Riddles, for Wonders
33%
City of Winds and Idylls Forsaken Child of Ancient Times (Dvalin's Nest)
33%
Cantus Aeternus Fortuna Variabilis
33%
The Stellar Moments, Vol. 6 For Your Cash Only
33%
The Shimmering Voyage Foul Legacy
33%
Jade Moon Upon a Sea of Clouds Foxes at Play
33%
Vortex of Legends Fragile Fantasy
33%
Jade Moon Upon a Sea of Clouds Freedom of Crane
33%
Outside It Is Growing Dark Fresh Baked Egg Rolls
33%
Outside It Is Growing Dark From Beyond
33%
The Stellar Moments From Snezhnaya With Boldness
33%
The Shimmering Voyage Frostbiting Bloom
33%
Jadeite Redolence Fujin's Chant
33%
The Stellar Moments Genius of Takwin
33%
The Wind and the Star Traveler Genshin Impact Main Theme
33%
Jade Moon Upon a Sea of Clouds Gentle Rain
33%
The Unfathomable Sand Dunes Gilded Journey
33%
Outside It Is Growing Dark Gladsome Ramble
33%
The Unfathomable Sand Dunes Golden Crescent
33%
The Shimmering Voyage Golden Dreams
33%
The Stellar Moments, Vol. 6 Goodbye, or Another Tomorrow of Chue'q Chik
33%
Jade Moon Upon a Sea of Clouds Good Night, Liyue
33%
Outside It Is Growing Dark Grief Spreading Like Haze
33%
Land of Tleyaoyotl Grim Is the Night
33%
Pelagic Primaevality Gymnopedies of Lune
33%
Forest of Jnana and Vidya Halcyon Times
33%
Outside It Is Growing Dark Half-Finished Heaven
33%
Realm of Tranquil Eternity Hanachirusato
33%
The Wind and the Star Traveler Happy Journey
33%
The Shimmering Voyage Vol. 5 Harbor-Bound Warm Breeze
33%
Jade Moon Upon a Sea of Clouds Hazy Light
33%
City of Winds and Idylls Hence, Begins the Journey
33%
Realm of Tranquil Eternity Her Legacy
33%
Jadeite Redolence Her Silhouette
33%
The Unfathomable Sand Dunes Her Wishes
33%
Eternal Sun, Eternal Want Hidden Path Above the Savannah
33%
Radiance Aflame His Rest Was in the Night
33%
Outside It Is Growing Dark Homecoming to Port
33%
The Stellar Moments, Vol. 5 Hot Spring Affection
33%
Pelagic Primaevality Huldra's Retreat
33%
Jade Moon Upon a Sea of Clouds Humming Amidst Rocks
33%
The Shimmering Voyage Hunt for Delicacy
33%
The Unfathomable Sand Dunes Hymn of Cicadas
33%
Jade Moon Upon a Sea of Clouds Idle Away from Mountains
33%
Islands of the Lost and Forgotten Illuminated Coral Palace
33%
City of Winds and Idylls Imminent Triumph
33%
Millelith's Watch Impending Danger
33%
Islands of the Lost and Forgotten In a Harmonious Atmosphere
33%
The Stellar Moments, Vol. 6 Ingenious Trip
33%
The Shimmering Voyage Innocent Age
33%
The Shimmering Voyage In Stories of Fading Light
33%
Vortex of Legends In the Desolate Hallway
33%
Realm of Tranquil Eternity In the Strange Realm of Sakura
33%
Jadeite Redolence Into the Yonder and Water
33%
Footprints of the Traveler | The Shimmering Voyage Invitation of Windblume
33%
The Shimmering Voyage Journey into Sweet Dreams
33%
City of Winds and Idylls Journey of Hope - Genshin Impact Maine Theme Var.
33%
Jade Moon Upon a Sea of Clouds Joy of Returning
33%
The Unfathomable Sand Dunes Kingdom of Dust
33%
Realm of Tranquil Eternity Kitsune's Mask
33%
The Wind and the Star Traveler Knighthood Excellence
33%
Outside It Is Growing Dark Lakelight Turquoise
33%
The Shimmering Voyage L'arrivo Della Signora
33%
Outside It Is Growing Dark Led by Lucent Guidance
33%
Pelagic Primaevality Le duc sous l'eau
33%
Jade Moon Upon a Sea of Clouds Legend of Redemption
33%
City of Winds and Idylls Legend of the Wind
33%
Jade Moon Upon a Sea of Clouds Legends Swept Away
33%
Pelagic Primaevality Les fumees blanches
33%
Fountain of Belleau Les Nuits
33%
Fountain of Belleau Le Souvenir avec le crepuscule
33%
The Shimmering Voyage, Vol. 3 Let's Get Started!
33%
The Stellar Moments Letter From Ajax
33%
Land of Tleyaoyotl Lightning Racing
33%
The Stellar Moments, Vol. 5 Lights on Me
33%
The Shimmering Voyage Lingering Bitterness
33%
Realm of Tranquil Eternity Lingering Blossom
33%
The Unfathomable Sand Dunes Lingering Thoughts
33%
The Unfathomable Sand Dunes Lingering Vipers
33%
Jade Moon Upon a Sea of Clouds Linger in the Valley
33%
Outside It Is Growing Dark Loafing on the Grass
33%
Jade Moon Upon a Sea of Clouds Lone Drifter
33%
Jade Moon Upon a Sea of Clouds Loner's Departure
33%
The Wind and the Star Traveler Lone Sojourner
33%
Jade Moon Upon a Sea of Clouds Lost Expectation
33%
The Shimmering Voyage Lovers' Oath
33%
Outside It Is Growing Dark Lullaby of the New Moon (III): Petala Ceciderunt
33%
Outside It Is Growing Dark Lullaby of the New Moon (II): Lucens Ut Risus
33%
Outside It Is Growing Dark Lullaby of the New Moon (I): Somnias a Luna
33%
Pelagic Primaevality Lumidouce's Repose
33%
Fountain of Belleau Luminescence of Eventide
33%
The Stellar Moments, Vol. 6 Lumipyhaemetsaen Polkka
33%
Fountain of Belleau Lustrous Stars
33%
The Stellar Moments, Vol. 4 Lustrous Trick
33%
The Stellar Moments, Vol. 6 Machination of Mehenet
33%
City of Winds and Idylls Magic Intrigues
33%
Jade Moon Upon a Sea of Clouds Maiden's Longing
33%
The Unfathomable Sand Dunes Maidens of Sanctity
33%
City of Winds and Idylls Make Haste, Partner
33%
The Shimmering Voyage, Vol. 4 Meeting and Passing
33%
The Shimmering Voyage Mellow Memories
33%
Jade Moon Upon a Sea of Clouds Melodious Flute
33%
The Shimmering Voyage Melody of Jellyfish
33%
Jadeite Redolence Melody of Morning Dew
33%
The Unfathomable Sand Dunes Memories of Gurabad
33%
Vortex of Legends Menacing Cove
33%
The Shimmering Voyage Mesmerizing Waves
33%
Cantus Aeternus Metres of Boethius
33%
City of Winds and Idylls Midday Prospects
33%
Jade Moon Upon a Sea of Clouds Mild Waves
33%
City of Winds and Idylls Mondstadt Starlit
33%
The Shimmering Voyage Moon-Eclipsing Chamber
33%
City of Winds and Idylls Moonlight in Mondstadt
33%
Where Roads Are Pledged to Cross Moonlight's Serene Benediction
33%
Vortex of Legends Moonlike Smile
33%
City of Winds and Idylls Moonlit Wilderness
33%
Jade Moon Upon a Sea of Clouds Moss Covered Path
33%
The Shimmering Voyage Never-Ending Performance
33%
Jadeite Redolence Nightcap at Nightfall
33%
Jadeite Redolence Night's Whispering Breath
33%
The Stellar Moments Nimble as Lightning
33%
The Stellar Moments, Vol. 5 Note of Effective Settlements
33%
The Stellar Moments, Vol. 3 Nothing but Trickery
33%
Islands of the Lost and Forgotten No Turning Back
33%
The Stellar Moments, Vol. 4 Novatio Novena
33%
The Unfathomable Sand Dunes Now and Then
33%
The Stellar Moments, Vol. 5 Offertorium of Fortuitum
33%
Where Roads Are Pledged to Cross Of Longing Rain and Moon
33%
Outside It Is Growing Dark Old Tales Inscribed in Verse
33%
The Shimmering Voyage Old Tales Preserved
33%
The Shimmering Voyage Ominous Monolith
33%
Jadeite Redolence On a Remote Trail
33%
Vortex of Legends Once-Colored Memories
33%
The Unfathomable Sand Dunes Once-Joyful Dream
33%
Fountain of Belleau Ondulations du rythme
33%
Millelith's Watch On the Vast Earth
33%
The Unfathomable Sand Dunes Oracle of the Void
33%
The Shimmering Voyage Vol. 5 Order in Chaos
33%
The Stellar Moments, Vol. 3 Order of Silence
33%
The Stellar Moments Ouvertüre der ewigen Nacht
33%
Realm of Tranquil Eternity Overlord of the Thunderstorm
33%
The Shimmering Voyage Overture of Storms
33%
The Unfathomable Sand Dunes Pairidaeza
33%
The Shimmering Voyage Palace of Jadeite
33%
Pelagic Primaevality Par les soirs bleus d'ete
33%
The Stellar Moments, Vol. 4 Parousia Diluvi
33%
Jadeite Redolence Past Yearning
33%
The Shimmering Voyage, Vol. 2 Pathos of Shirasagi
33%
Islands of the Lost and Forgotten Pathway to the Hidden Isles
33%
Jade Moon Upon a Sea of Clouds Peaceful Hike (Qingce Daytime)
33%
Islands of the Lost and Forgotten Peaceful Wishes
33%
The Shimmering Voyage, Vol. 4 Per Amica Silentia Lunae
33%
City of Winds and Idylls Perilous Path
33%
City of Winds and Idylls Perpetual Motion of Wind
33%
The Stellar Moments, Vol. 5 Pirouette of Pika's Pike
33%
Jade Moon Upon a Sea of Clouds Plain of Nostalgia
33%
Fountain of Belleau Pluie sur la ville
33%
The Stellar Moments Preserver of Fortune
33%
The Wind and the Star Traveler Pure Sky
33%
The Shimmering Voyage Rage Beneath the Mountains
33%
Jade Moon Upon a Sea of Clouds Rainbow at Summit
33%
The Stellar Moments, Vol. 5 Rain of Seven Curtains
33%
The Shimmering Voyage Rapture of the Chaos
33%
Where Roads Are Pledged to Cross Raven Beneath the Tender Moon
33%
Land of Tleyaoyotl Ravine's Calcination
33%
Jade Moon Upon a Sea of Clouds Rays of Sunlight
33%
The Shimmering Voyage Reconnaissance Captain
33%
Jade Moon Upon a Sea of Clouds Red Leaf on the Chessboard
33%
Cantus Aeternus Regali teneri
33%
Jade Moon Upon a Sea of Clouds Relaxation in Liyue
33%
City of Winds and Idylls Remembrance - Genshin Impact Main Theme Var.
33%
City of Winds and Idylls Reminiscence - Genshin Impact Main Theme Var.
33%
The Shimmering Voyage Reminiscence of the Old Days
33%
Cantus Aeternus Requiem Resonantia
33%
The Unfathomable Sand Dunes Resonance of Khvarena
33%
Jadeite Redolence Retaining Clouds
33%
City of Winds and Idylls Reunion in the Whispering Woods
33%
Jade Moon Upon a Sea of Clouds Rhythm Amidst the Reeds
33%
City of Winds and Idylls Rhythm from Ancient Times
33%
Jade Moon Upon a Sea of Clouds Rhythms from the Conch
33%
City of Winds and Idylls Riders of the Wind, Onward
33%
The Shimmering Voyage Ripples of Daydream
33%
Outside It Is Growing Dark Rising When Night Falls
33%
Outside It Is Growing Dark Rite Beneath the Radiance
33%
The Wind and the Star Traveler Rite of Battle
33%
The Stellar Moments Rockin' With Fire
33%
Fountain of Belleau Romaritime Recollection
33%
Outside It Is Growing Dark Ruinous Clamor
33%
Islands of the Lost and Forgotten Ruu's Melody
33%
Realm of Tranquil Eternity Sakura-Scented Kiseru
33%
Islands of the Lost and Forgotten Saltatio Favillae
33%
Outside It Is Growing Dark Sariola's Threnody
33%
City of Winds and Idylls Say My Name
33%
Land of Tleyaoyotl Scarlet Song
33%
Jade Moon Upon a Sea of Clouds Scattered Amongst the Tides
33%
Outside It Is Growing Dark Sea-Gnawed Hollow
33%
Outside It Is Growing Dark Sea Shanties Resounding
33%
Jade Moon Upon a Sea of Clouds Secluded Sanctuary
33%
Outside It Is Growing Dark Secrets Cast in a Deep Cave
33%
Where Roads Are Pledged to Cross Seelieland Nocturne
33%
The Stellar Moments, Vol. 4 Se mettre sur son trente-et-un !
33%
Realm of Tranquil Eternity Separated Dream
33%
The Shimmering Voyage, Vol. 2 Separate Ways
33%
Vortex of Legends Serene and Sweet Adieu
33%
Where Roads Are Pledged to Cross Shattered Dawn
33%
Outside It Is Growing Dark Shimmering Water Like Flickering Souls
33%
Jade Moon Upon a Sea of Clouds Silent Ruins
33%
City of Winds and Idylls Silhouette and Silk Steps
33%
Pelagic Primaevality Silhouette of Catastrophe
33%
The Unfathomable Sand Dunes Simurgh's Dream
33%
Vortex of Legends Sinister Mist
33%
Islands of the Lost and Forgotten Sink into Oblivion
33%
Pelagic Primaevality Sink Into Slumber
33%
Jade Moon Upon a Sea of Clouds Slumbering Lore
33%
The Shimmering Voyage Sneaky & Mischievous
33%
Vortex of Legends Snow-Buried Tales
33%
Radiance Aflame Soil of Bright Flame
33%
Jade Moon Upon a Sea of Clouds Sojourner's Sweet Dream (Wangshu Night)
33%
The Unfathomable Sand Dunes Solitary Breach
33%
Jade Moon Upon a Sea of Clouds Solitude Mountains
33%
Pelagic Primaevality Songe de la plus haute tour
33%
Outside It Is Growing Dark Sorrows Calmed
33%
The Unfathomable Sand Dunes Spice Road
33%
Vortex of Legends Spin of Ice Crystals
33%
Cantus Aeternus Splendorous Heritage
33%
Jade Moon Upon a Sea of Clouds Spring in Clouds
33%
Jadeite Redolence Springtide of Qiaoying
33%
City of Winds and Idylls Startled
33%
City of Winds and Idylls Statue of The Seven
33%
City of Winds and Idylls Stealing Words of the Moon
33%
Pelagic Primaevality Sting Like a Bee!
33%
Cantus Aeternus Storia Humana
33%
Islands of the Lost and Forgotten Stories Untold
33%
City of Winds and Idylls Storm Befalls
33%
Outside It Is Growing Dark Straight Through the Snowtide
33%
Realm of Tranquil Eternity Streets of Elegance
33%
Vortex of Legends Striding in the Snowstorm
33%
Jade Moon Upon a Sea of Clouds Stroll in the Shadows
33%
The Stellar Moments, Vol. 6 Summa Perfectionis
33%
The Shimmering Voyage Summertime Wonderland
33%
Jade Moon Upon a Sea of Clouds Sun Rises in Liyue
33%
The Shimmering Voyage Sunshine Beach
33%
The Stellar Moments, Vol. 3 Surasthana Fantasia
33%
The Stellar Moments Surge of Prophecies
33%
Jade Moon Upon a Sea of Clouds Swinging in the Breeze
33%
The Unfathomable Sand Dunes Swirls of Shamshir
33%
City of Winds and Idylls Symphony of Boreal Wind
33%
The Unfathomable Sand Dunes Taabak Laylatak
33%
The Shimmering Voyage Tale of the Yakshas
33%
The Shimmering Voyage Tales from the Snow Mountain
33%
The Shimmering Voyage Vol. 5 Tapestry of Resplendent Hues
33%
The Shimmering Voyage, Vol. 4 Teegesellschaft of the Hexenzirkel
33%
Outside It Is Growing Dark Tells of the Frost-Lamp in One's Heart
33%
Outside It Is Growing Dark Terms of Accord
33%
The Stellar Moments, Vol. 3 Thanks for Your Patronage!
33%
Jade Moon Upon a Sea of Clouds The Absence of Adepti
33%
Islands of the Lost and Forgotten The Almighty Violet Thunder
33%
The Shimmering Voyage The Astrologist Awaiting
33%
Outside It Is Growing Dark The Bright Frontier Land
33%
City of Winds and Idylls The City Favored by Wind
33%
The Stellar Moments, Vol. 3 The Crane Cries
33%
The Unfathomable Sand Dunes The Crescent Moon's Waning
33%
Outside It Is Growing Dark The Distant Moon Sits Alone
33%
Pelagic Primaevality The Drifting Beauty
33%
Pelagic Primaevality The Faded Idyll
33%
Jade Moon Upon a Sea of Clouds The Fading Stories (Qingce Night)
33%
The Shimmering Voyage, Vol. 3 The Final Feast
33%
Vortex of Legends The Flourishing Past
33%
When Lanterns Echo the Moon The Hazy Moon
33%
City of Winds and Idylls The Horizon
33%
The Shimmering Voyage, Vol. 4 The Hour Before the Dawn
33%
The Shimmering Voyage The Imminent Triumph
33%
Jadeite Redolence The Jadeite Reflection
33%
Jadeite Redolence The Journey of Tea Leaves
33%
The Shimmering Voyage, Vol. 4 The Land of Heart's Desire
33%
Realm of Tranquil Eternity The Land of Her Serenity
33%
The Shimmering Voyage The Lunar-Eclipsing Palace
33%
Realm of Tranquil Eternity The Mysterious Islands
33%
Land of Tleyaoyotl The Night's Wish
33%
Cantus Aeternus The Oracle's Finale
33%
Fountain of Belleau The Oratrice's Verdict
33%
The Wind and the Star Traveler The Outlander Who Caught the Wind
33%
The Shimmering Voyage, Vol. 4 The Parade of Flying Squirrels
33%
Outside It Is Growing Dark The Path That the Moon Reveals
33%
Jade Moon Upon a Sea of Clouds The Realm Within
33%
The Shimmering Voyage, Vol. 4 The Song Burning in the Embers
33%
The Shimmering Voyage The Starlit Past
33%
Outside It Is Growing Dark The Still Sea-Cliff
33%
The Shimmering Voyage The Sudden Collapse
33%
Outside It Is Growing Dark The Swinging Motion of the Hulls
33%
The Stellar Moments, Vol. 6 The Way to Elysium
33%
The Shimmering Voyage The Wolf Boy
33%
Jade Moon Upon a Sea of Clouds This Little Light of Mine
33%
The Unfathomable Sand Dunes Those Who Dream No Dreams
33%
Jadeite Redolence Thoughts Straying as Clouds
33%
Jadeite Redolence Through Ancient Veils
33%
Jadeite Redolence Through Clouds and Rivers
33%
The Unfathomable Sand Dunes Through Predicaments
33%
The Shimmering Voyage Through the Eyes of a Dragon
33%
The Stellar Moments, Vol. 3 Time to Shine
33%
Pelagic Primaevality Toast to Coast
33%
Outside It Is Growing Dark To Light the Aeon Dark
33%
The Unfathomable Sand Dunes To the Crescent Moon's Shimmer
33%
Where Roads Are Pledged to Cross To the Glowing Night
33%
The Unfathomable Sand Dunes To the Land of Desperation
33%
Jadeite Redolence Trace of Grace
33%
Cantus Aeternus Tranquil Eternity
33%
Jade Moon Upon a Sea of Clouds Treasury from the Northland
33%
City of Winds and Idylls Twilight Serenity - Genshin Impact Main Theme Var.
33%
The Shimmering Voyage, Vol. 3 Two Hearts Rejoice
33%
Islands of the Lost and Forgotten Undersea Encounters
33%
The Shimmering Voyage Unexpected Savior
33%
Vortex of Legends Unfinished Frescoes
33%
Cantus Aeternus Unfinished Ideal
33%
Forest of Jnana and Vidya Vagrant Wandering
33%
Jade Moon Upon a Sea of Clouds Vague Whispers
33%
The Shimmering Voyage Vast and Blue
33%
Land of Tleyaoyotl Venture of Tonalamatl
33%
Pelagic Primaevality Vestige of Belleau
33%
Outside It Is Growing Dark Vestige of Hurtling Foam
33%
Fountain of Belleau Virelai des marees
33%
Outside It Is Growing Dark Wading in Hazy Light
33%
Jade Moon Upon a Sea of Clouds Wandering Flight
33%
Outside It Is Growing Dark Wandering Through the Starry Night
33%
The Shimmering Voyage Vol. 5 Warmth Upon the Hills
33%
City of Winds and Idylls Wayfarer's Peace
33%
City of Winds and Idylls Wayward Souls
33%
The Shimmering Voyage Welcome Back, My Companion
33%
City of Winds and Idylls Welp, Didn't Expect That
33%
The Stellar Moments, Vol. 6 We Shall Sing All Night
33%
The Shimmering Voyage What a Hopeful Voyage
33%
The Shimmering Voyage Whence the Flow Cometh
33%
Land of Tleyaoyotl When Rain Clouds Gather
33%
Fountain of Belleau Where All Waters Converge
33%
The Unfathomable Sand Dunes Where She Will Return
33%
The Stellar Moments Where the Sunlight Flees
33%
Outside It Is Growing Dark Whimpering Morningfrost
33%
City of Winds and Idylls Whirl of Boreal Wind
33%
Pelagic Primaevality Whispering Dewdrops
33%
Jadeite Redolence Whispering Mountains
33%
City of Winds and Idylls Whispering Plain
33%
The Shimmering Voyage Whispering Seabreeze
33%
Cantus Aeternus Whisper of Domus Aurea
33%
City of Winds and Idylls Windborne Hymn
33%
City of Winds and Idylls Wind-Washed Mountains
33%
Jadeite Redolence With the Wind, Flowing Epoch
33%
Millelith's Watch Wordless Cliffs
33%
Jadeite Redolence Xuanlian's Wavering Light
33%
The Unfathomable Sand Dunes Abominable Bog
0%
Land of Tleyaoyotl Above the Glorious Crown
0%
When Lanterns Echo the Moon A Bright, Fresh Year
0%
The Shimmering Voyage, Vol. 2 A Clueless Case
0%
The Unfathomable Sand Dunes Across Dimming Asterisms
0%
The Unfathomable Sand Dunes Across the Aridisols
0%
Fountain of Belleau Across the Meadows
0%
Radiance Aflame A Deed No Less Than Star-Forging
0%
Forest of Jnana and Vidya A Desultory Stroll
0%
Islands of the Lost and Forgotten A Dim Echo of the Past
0%
Land of Tleyaoyotl A Distant Farewell
0%
When Lanterns Echo the Moon A Dream Within a Dream
0%
Eternal Sun, Eternal Want A Dream Yet to Come
0%
Where Roads Are Pledged to Cross A Drifter's Night Song
0%
The Stellar Moments, Vol. 3 Adroit Deputy
0%
Forest of Jnana and Vidya A Drowsy Sensation
0%
Where Roads Are Pledged to Cross Aenigmata de larmes, de saints et d'adieux
0%
Radiance Aflame A Favor of the Great Shaman
0%
Radiance Aflame A Flicker in the Quiet
0%
Radiance Aflame A Fox's Little Daydream
0%
Eternal Sun, Eternal Want A Fragment of Night
0%
Islands of the Lost and Forgotten A Fragment of Peace
0%
Forest of Jnana and Vidya A Fruitless Search
0%
Eternal Sun, Eternal Want Afterglow of the Sky
0%
Where Roads Are Pledged to Cross After Tea Party
0%
Millelith's Watch A Glimmer of Hope
0%
Islands of the Lost and Forgotten A Glimpse of Old Dreams
0%
The Stellar Moments Vol. 2 A Glorious Awakening
0%
Land of Tleyaoyotl A Harvest of Dreams
0%
Realm of Tranquil Eternity A Hollowed Skull
0%
Where Roads Are Pledged to Cross Ain't That a Hole in the Boat
0%
Jadeite Redolence A Jolly Trick
0%
Footprints of the Traveler Vol. 2 Akasha Pulses, the Kalpa Flame Rises
0%
The Shimmering Voyage, Vol. 4 A la recherche des grandes eaux
0%
The Shimmering Voyage, Vol. 3 All in One, All in Vain
0%
Fountain of Belleau All in the Golden Afternoon
0%
Footprints of the Traveler Vol. 2 All Senses Clear, All Existence Void
0%
Footprints of the Traveler All That Glitters
0%
Eternal Sun, Eternal Want All the Pretty Courses
0%
Pelagic Primaevality Aloft the Realm of Gears
0%
The Shimmering Voyage Vol. 5 Alone at the Rifts Edge
0%
Land of Tleyaoyotl A Long Way Gone
0%
Cantus Aeternus Alucinatio Gloriosa
0%
Forest of Jnana and Vidya A Luminous Path
0%
Where Roads Are Pledged to Cross A Moment of Mirth
0%
Millelith's Watch A Moment of Unsettledness
0%
Pelagic Primaevality A Narcissus Lullaby
0%
The Shimmering Voyage Vol. 5 An Array of Sumptuous Fare
0%
The Unfathomable Sand Dunes Ancient Anamnesis
0%
Fountain of Belleau Ancient Reverberation
0%
Radiance Aflame And We Burn as One
0%
The Stellar Moments, Vol. 6 Anekdota en Nyktí
0%
Footprints of the Traveler Vol. 3 An Everlasting Dream Intertwined
0%
Footprints of the Traveler A New Star Approaches
0%
Jadeite Redolence A Nice Day at the Port
0%
Land of Tleyaoyotl A Night of Their Own
0%
Realm of Tranquil Eternity A Night Watch
0%
Fountain of Belleau Ann's Anapausis
0%
Fountain of Belleau Ann's Quiescent Residence
0%
Outside It Is Growing Dark An Obsession Unriven
0%
Realm of Tranquil Eternity Another Conflict Incoming
0%
Land of Tleyaoyotl Anthem of the Savannah
0%
Footprints of the Traveler Vol. 2 A Parade of Providence
0%
Millelith's Watch A Path to Delusions
0%
The Shimmering Voyage, Vol. 2 Approaching Thunder
0%
The Shimmering Voyage Vol. 5 A Promise to the Heart
0%
Forest of Jnana and Vidya A Puff of Cool Breeze
0%
The Shimmering Voyage Vol. 5 A Ramble Through the Market Lanes
0%
Land of Tleyaoyotl Arcana of Zipacna
0%
Land of Tleyaoyotl Arduous Path
0%
The Shimmering Voyage, Vol. 2 A Region Rediscovered
0%
Outside It Is Growing Dark A Remeet of First Meetings
0%
The Unfathomable Sand Dunes Arid Canyon
0%
Outside It Is Growing Dark Armor of Light
0%
Millelith's Watch A Route to Fantasies
0%
The Stellar Moments, Vol. 3 As Charming as Ever
0%
Millelith's Watch As Dusk Falls
0%
The Shimmering Voyage, Vol. 2 A Sense of Foreboding
0%
Forest of Jnana and Vidya A Sense of Furtive Unrest
0%
Islands of the Lost and Forgotten A Sepulchral Gloom
0%
Forest of Jnana and Vidya A Shallow Promise
0%
Millelith's Watch A Shard From Past Glories
0%
The Stellar Moments, Vol. 4 Ashes of Anupadhisesa
0%
Eternal Sun, Eternal Want Ashes of Presumption
0%
The Shimmering Voyage Vol. 5 A Sigh Caught in Still Time
0%
The Shimmering Voyage, Vol. 2 A Single Thought
0%
Outside It Is Growing Dark A Sitting on a Gate
0%
Footprints of the Traveler Vol. 3 As Light Rain Falls Without Reason
0%
Footprints of the Traveler, Vol. 4 A Space and Time for You
0%
The Shimmering Voyage Vol. 5 A Spark Forged in Ash
0%
The Stellar Moments, Vol. 6 A Star to Every Wandering Bark
0%
Eternal Sun, Eternal Want As the Feather Falls
0%
Azure Lantern, Jade Inkstone As the Heart of Jade
0%
Forest of Jnana and Vidya As the Soft Wind Blows
0%
Where Roads Are Pledged to Cross A Stranger Rode, One Fine Day
0%
The Stellar Moments, Vol. 3 Astute and Fearless Leader
0%
Islands of the Lost and Forgotten At Dawn and Dusk
0%
Islands of the Lost and Forgotten A Tranquil Town
0%
Fountain of Belleau Aubade of Coppelia
0%
Millelith's Watch A Venture Into the Unknown
0%
The Stellar Moments Vol. 2 Awake From a Nightmare
0%
Forest of Jnana and Vidya A Whisper of Evening Star
0%
The Shimmering Voyage Vol. 5 A Wound Unheeded in Quiet
0%
Land of Tleyaoyotl Baba we Twasali
0%
The Shimmering Voyage, Vol. 4 Balemoon's Chastisement
0%
Fountain of Belleau Ballad of Many Waters
0%
Islands of the Lost and Forgotten Bane of Ambitions
0%
The Shimmering Voyage Vol. 5 Bathing in Shifting Waves
0%
The Shimmering Voyage, Vol. 4 Beautiful, Delightful Vision
0%
Forest of Jnana and Vidya Before the Light Fades
0%
Where Roads Are Pledged to Cross Bell at First Light
0%
Eternal Sun, Eternal Want Bells in Bloom
0%
Pelagic Primaevality Beneath Light and Shadow
0%
Radiance Aflame Beneath My Wings
0%
Footprints of the Traveler Beneath the Light of Jadeite
0%
The Shimmering Voyage, Vol. 4 Benedictio Somnii
0%
Forest of Jnana and Vidya Beyond Klesha
0%
Millelith's Watch Beyond the Distant Horizon
0%
Eternal Sun, Eternal Want Beyond the Flute's Whispers
0%
Where Roads Are Pledged to Cross Beyond the Reach of Light
0%
The Shimmering Voyage Vol. 5 Beyond the Royal Fork
0%
The Shimmering Voyage, Vol. 2 Bitter Triumph
0%
Footprints of the Traveler Vol. 3 Blades Weaving Betwixt Brocade
0%
Land of Tleyaoyotl Blaze of Fervent Night
0%
Radiance Aflame Blaze to Break the Dawn
0%
Land of Tleyaoyotl Blazing Proclamation
0%
Millelith's Watch Blind Search
0%
The Shimmering Voyage, Vol. 3 Blissful Little Ditty
0%
Azure Lantern, Jade Inkstone Border of Life
0%
The Stellar Moments, Vol. 5 Borrowing Winds of Harmony
0%
Radiance Aflame Bounty of the Fertile Slopes
0%
The Shimmering Voyage, Vol. 2 Bravery and Tenderness
0%
The Shimmering Voyage, Vol. 2 Breaking Point
0%
Jadeite Redolence Breaking the Miasmi
0%
Land of Tleyaoyotl Breath of Blazing Earth
0%
The Unfathomable Sand Dunes Breeze in the Arid Night
0%
The Shimmering Voyage, Vol. 2 Broken Blade
0%
The Stellar Moments Vol. 2 Broker Betwixt Life and Death
0%
The Unfathomable Sand Dunes Buried Mysteries
0%
The Shimmering Voyage, Vol. 2 Burst Into Flames
0%
City of Winds and Idylls Bustling Afternoon in Mondstadt
0%
Forest of Jnana and Vidya Bustling Streets
0%
Realm of Tranquil Eternity Busy Silhouettes
0%
The Stellar Moments, Vol. 4 By the Dawn's First Radiance
0%
Fountain of Belleau Cakes and Ale for the Exiled
0%
Fountain of Belleau Calamitous Tides
0%
Where Roads Are Pledged to Cross Calibration in Progress
0%
Fountain of Belleau Caliginous Hearthfire
0%
Jadeite Redolence Camellia Night
0%
Land of Tleyaoyotl Campa timoyetzticah, Cempaxochitl?
0%
Realm of Tranquil Eternity Caress of the Spirit
0%
The Stellar Moments, Vol. 4 Cat's Cosy Course
0%
The Shimmering Voyage Vol. 5 Caught on the Hunters Hook
0%
The Stellar Moments, Vol. 6 Ceaseless Banquet
0%
Fountain of Belleau Cerulean Tour
0%
The Stellar Moments, Vol. 3 Chant of Nine Bows
0%
The Stellar Moments, Vol. 4 Chantons a plusieurs
0%
Land of Tleyaoyotl Chasing Flames Like Strings
0%
The Shimmering Voyage, Vol. 3 Chasing Starlight With You
0%
Forest of Jnana and Vidya Chasing the Reflection
0%
The Stellar Moments, Vol. 4 Chasing the Wind
0%
Forest of Jnana and Vidya Chatter Between Roots
0%
The Shimmering Voyage, Vol. 3 Cheerful March
0%
Jadeite Redolence Chenyu Fisherman's Song
0%
Jadeite Redolence Chenyu Fisherman's Song (II)
0%
Land of Tleyaoyotl Chimes on the Blue Shore
0%
The Stellar Moments, Vol. 6 Chiming Jade
0%
Land of Tleyaoyotl Chirping of Canyons
0%
The Shimmering Voyage, Vol. 3 Chirping With Glee
0%
Eternal Sun, Eternal Want Choir's Cypher
0%
Pelagic Primaevality Chordal Past
0%
The Unfathomable Sand Dunes Chords of Sand and Moon
0%
Cantus Aeternus Chorus Cinericius
0%
Islands of the Lost and Forgotten Chrysalis Suspirii
0%
Islands of the Lost and Forgotten Chthonian Voices
0%
Radiance Aflame Circle of the Journey
0%
Fountain of Belleau City of Mellifluous Glory
0%
Fountain of Belleau Clair de lune
0%
Fountain of Belleau Clement Rillet
0%
Pelagic Primaevality Clio's Memoirs
0%
Pelagic Primaevality Clockwork Waltz
0%
Eternal Sun, Eternal Want Cloud of Thirteen Katuns
0%
Fountain of Belleau Cobalt Remembrance
0%
The Shimmering Voyage, Vol. 2 Cold Light
0%
Islands of the Lost and Forgotten Combat Beneath the Waves
0%
Pelagic Primaevality Comedy of Errors
0%
Eternal Sun, Eternal Want Comfort in Visions
0%
Cantus Aeternus Confutatis
0%
The Shimmering Voyage, Vol. 4 Constant Trajectory
0%
Islands of the Lost and Forgotten Contemplation on Eternity
0%
Fountain of Belleau Contemporary Testimony
0%
The Shimmering Voyage, Vol. 3 Coronation of Providence
0%
Fountain of Belleau Coruscating Street
0%
Outside It Is Growing Dark Cozy Home Underground
0%
Land of Tleyaoyotl Cozy in the Light
0%
Pelagic Primaevality Crepuscule des idoles
0%
When Lanterns Echo the Moon Crescent Gildeth the Dark
0%
Millelith's Watch Crossing Roads
0%
The Shimmering Voyage Vol. 5 Crossing the Liminal Threshold
0%
Fountain of Belleau Cruising in the Balmy Breeze
0%
The Unfathomable Sand Dunes Crumbled Pledge
0%
The Shimmering Voyage, Vol. 3 Crumbling Sands
0%
Pelagic Primaevality Crystal Curtains
0%
Pelagic Primaevality Crystalline Path
0%
The Shimmering Voyage, Vol. 3 Crystalline Reverie
0%
Land of Tleyaoyotl Cuicatl of Kongamoto
0%
The Shimmering Voyage Vol. 5 Dance at the Realm of Heat
0%
The Shimmering Voyage, Vol. 3 Dance of Sabzeruz
0%
The Unfathomable Sand Dunes Dance of Scorpions
0%
Eternal Sun, Eternal Want Dance of the Brown Deer
0%
Forest of Jnana and Vidya Dance With Fireflies
0%
Outside It Is Growing Dark Darkness Surges Beneath the Stone
0%
The Shimmering Voyage, Vol. 2 Das Folkwanglied
0%
Outside It Is Growing Dark Dawn Breeze of Lempoinen
0%
The Unfathomable Sand Dunes Dawnlight Over Dunes
0%
City of Winds and Idylls Dawn Winery Theme
0%
Footprints of the Traveler, Vol. 4 Day of the Flame's Return
0%
The Stellar Moments, Vol. 3 Days Free of Anguish
0%
Land of Tleyaoyotl Dazzling Moon of Metztli
0%
The Shimmering Voyage, Vol. 2 Dazzling Stars
0%
The Unfathomable Sand Dunes Debris of the Beloved
0%
Millelith's Watch Decayed in the Darkness
0%
Fountain of Belleau Deductive Rendition
0%
Millelith's Watch Defender's Volition
0%
Land of Tleyaoyotl Delightful Whimsy
0%
Land of Tleyaoyotl Delving Into the Hidden
0%
Fountain of Belleau Demain, des l'aube
0%
Where Roads Are Pledged to Cross Der Morgen aller
0%
Land of Tleyaoyotl Descendants of Ahkantenal
0%
The Shimmering Voyage, Vol. 3 Descendants of Deshret
0%
Forest of Jnana and Vidya Descending Into the Dark
0%
The Unfathomable Sand Dunes Deserted Path to Desert
0%
Islands of the Lost and Forgotten Desire for Calm
0%
Forest of Jnana and Vidya Dewy Morn in the Forest
0%
The Shimmering Voyage, Vol. 3 Dharana Iaksana
0%
Fountain of Belleau Diaphanous Dream
0%
The Shimmering Voyage, Vol. 2 Die Mittsommernacht-Fantasie
0%
Cantus Aeternus Dies Irae
0%
The Unfathomable Sand Dunes Dirge of Newborn Life
0%
Land of Tleyaoyotl Dirge of Soul and of Dust
0%
Realm of Tranquil Eternity Dirge of the Soundless
0%
Cantus Aeternus Discordia Neglecta
0%
Forest of Jnana and Vidya Dissipating Mist
0%
Cantus Aeternus Dissolved Dawn
0%
Jadeite Redolence Distant Gleam of Lingshu
0%
The Shimmering Voyage, Vol. 3 Distant Portrayal
0%
The Unfathomable Sand Dunes Distant Retrospection
0%
Forest of Jnana and Vidya Distant Yearning
0%
Where Roads Are Pledged to Cross Do tagte ez
0%
Cantus Aeternus Doxology in the Deep
0%
The Shimmering Voyage, Vol. 4 Dragon and Determination
0%
Outside It Is Growing Dark Dreadful Darkness Closing In
0%
Pelagic Primaevality Dream Anamnesis
0%
Millelith's Watch Dreaming Earth
0%
Forest of Jnana and Vidya Dreamless Earth
0%
The Shimmering Voyage, Vol. 3 Dreamlike Reflection
0%
Forest of Jnana and Vidya Dream of Ageless Time
0%
Realm of Tranquil Eternity Dream of Homeland
0%
Land of Tleyaoyotl Dream of Tranquility
0%
The Shimmering Voyage Vol. 5 Dream Reels Behind the Canvas
0%
The Shimmering Voyage, Vol. 4 Dreams of the Ancient Realm
0%
Fountain of Belleau Dreams' Swirling Whispers
0%
Fountain of Belleau Dream Through the Looking-Glass
0%
The Stellar Moments, Vol. 3 Dreamy Felicitation
0%
Islands of the Lost and Forgotten Drift Along the Lethe
0%
The Stellar Moments Vol. 2 Drifter's Destiny
0%
The Stellar Moments, Vol. 5 Drifting Clouds, Wafting Snow
0%
The Shimmering Voyage Vol. 5 Drifting Like Clusters of Cloud
0%
Eternal Sun, Eternal Want Dripping Gloom
0%
Islands of the Lost and Forgotten Drops of Time
0%
Outside It Is Growing Dark Duckle 'Em Down!
0%
Where Roads Are Pledged to Cross Du cote de chez Alain
0%
The Shimmering Voyage Vol. 5 Duel at High Noon
0%
Radiance Aflame Duel Between the Springs and the Echoes
0%
Realm of Tranquil Eternity Duel in the Mist
0%
Footprints of the Traveler Vol. 2 Duel! The Summenor's Summit!
0%
Forest of Jnana and Vidya Dust and Tears
0%
Forest of Jnana and Vidya Dust-Laden Recollections
0%
The Unfathomable Sand Dunes Dust-Swept Perplexity
0%
Jadeite Redolence Dweller of Bamboo Groves
0%
The Shimmering Voyage, Vol. 2 Easier Said Than Done
0%
Radiance Aflame Eat or Be Eaten
0%
Fountain of Belleau Ebb and Flow
0%
The Shimmering Voyage, Vol. 3 Eccentric Reception
0%
The Unfathomable Sand Dunes Echoes of Ages
0%
The Unfathomable Sand Dunes Echoes of Distant Past
0%
Islands of the Lost and Forgotten Echoes of Solitude
0%
Where Roads Are Pledged to Cross Echoes of the Utmost North
0%
Eternal Sun, Eternal Want Eclipsed Star
0%
The Shimmering Voyage, Vol. 2 Ein vogellin, so wol getan
0%
The Stellar Moments, Vol. 4 Eleusis Dicis Gratia
0%
The Unfathomable Sand Dunes Elusive Elysium
0%
Realm of Tranquil Eternity Embrace of Sea Waves
0%
The Unfathomable Sand Dunes Emerald in the Desert
0%
The Stellar Moments, Vol. 4 Empyrean Stairway
0%
Forest of Jnana and Vidya Enchanting Bedtime Stories
0%
The Shimmering Voyage Vol. 5 End of the Beginning
0%
Forest of Jnana and Vidya End of the Feast
0%
The Stellar Moments, Vol. 6 Entombed in Pale Fire
0%
Radiance Aflame Entwined in Thought
0%
Fountain of Belleau Envoi of Coppelius
0%
Pelagic Primaevality Eschatologia Iudicata
0%
The Stellar Moments Vol. 2 Eternity in a Moment
0%
Forest of Jnana and Vidya Ethereal Mildness
0%
The Shimmering Voyage, Vol. 3 Euphoric Ride
0%
The Shimmering Voyage, Vol. 2 Eureka Moment
0%
Islands of the Lost and Forgotten Evanescent Moments
0%
The Stellar Moments, Vol. 3 Evening Luxury
0%
The Shimmering Voyage, Vol. 3 Eventide Caprice
0%
Land of Tleyaoyotl Eventide Chant
0%
The Shimmering Voyage, Vol. 2 Evergreen Cypress
0%
When Lanterns Echo the Moon Everlasting Dawn at Night
0%
Fountain of Belleau Ex Favilla Incendi
0%
Fountain of Belleau Expectation for Exploration
0%
The Unfathomable Sand Dunes Eye of Deshret
0%
Cantus Aeternus Faded Banquet
0%
Fountain of Belleau Fading Anticipation
0%
Eternal Sun, Eternal Want Fading Dawn
0%
The Unfathomable Sand Dunes Fading Finality
0%
Forest of Jnana and Vidya Fading Light
0%
Forest of Jnana and Vidya Faint Afterglow
0%
Forest of Jnana and Vidya Faith in the Percept
0%
The Unfathomable Sand Dunes Falling Fantasy
0%
Where Roads Are Pledged to Cross Fall of Falsehood
0%
Millelith's Watch Falls the Shadow
0%
The Shimmering Voyage, Vol. 3 Fantastical Fairytale
0%
Forest of Jnana and Vidya Fatal Confrontation
0%
Where Roads Are Pledged to Cross Fatum Nihil Promisit
0%
Land of Tleyaoyotl Feast and Bounty
0%
Eternal Sun, Eternal Want Feathered Moonlight
0%
The Shimmering Voyage Vol. 5 Feelings Nested in a Seashell
0%
Forest of Jnana and Vidya Feelings of Smothering
0%
The Stellar Moments, Vol. 4 Fervent Flare
0%
Outside It Is Growing Dark Fields After Dusk
0%
Realm of Tranquil Eternity Fiery Pursuit
0%
Outside It Is Growing Dark Fire and Shadow
0%
The Stellar Moments, Vol. 6 Fitness Lesson
0%
The Shimmering Voyage, Vol. 3 Flanerie sur le marche
0%
The Shimmering Voyage Vol. 5 Flectere Si Nequeo Superos
0%
Footprints of the Traveler Fleeting Colors in Flight
0%
The Shimmering Voyage, Vol. 2 Flickering Brightness
0%
Realm of Tranquil Eternity Flickering Sakura
0%
The Stellar Moments, Vol. 5 Floating Breaths of the Breeze
0%
Fountain of Belleau Floating Into Distance
0%
Pelagic Primaevality Floating Lullaby
0%
When Lanterns Echo the Moon Floating Mist
0%
Footprints of the Traveler Floating World Under the Moonlight
0%
Footprints of the Traveler, Vol. 4 Flowers Resplendent on the Sun-Scorched Sojourn
0%
Land of Tleyaoyotl Flower Writing
0%
The Stellar Moments Vol. 2 Flow of Autumn Wind
0%
Land of Tleyaoyotl Flute of Uilacapitztli
0%
Land of Tleyaoyotl Fog of the Seasons
0%
The Unfathomable Sand Dunes Following the Sands' Trail
0%
Fountain of Belleau Following the Torrent
0%
The Shimmering Voyage Vol. 5 Fontaine est une fete
0%
Eternal Sun, Eternal Want For an Unmarked Grave
0%
The Shimmering Voyage, Vol. 3 Foreboding Beat
0%
The Shimmering Voyage, Vol. 3 Foregone Depiction
0%
Outside It Is Growing Dark Foresighting from the Frigid Shore
0%
Forest of Jnana and Vidya Forest in the Light
0%
Realm of Tranquil Eternity Forgotten Epic
0%
Eternal Sun, Eternal Want Formidable Usurper
0%
Where Roads Are Pledged to Cross Forsaken Hymn
0%
Realm of Tranquil Eternity Fortification of Resistance
0%
The Shimmering Voyage Vol. 5 Fortune at the Tea Table
0%
Land of Tleyaoyotl Foundry of the Golden
0%
Where Roads Are Pledged to Cross Four Unspeakables
0%
Millelith's Watch Frail Peace
0%
Forest of Jnana and Vidya Fresh Breezes of Dawn
0%
The Stellar Moments, Vol. 4 Frigid Reverie
0%
Eternal Sun, Eternal Want Frosted Hue of Stars
0%
Forest of Jnana and Vidya Funneled Gorge
0%
The Shimmering Voyage, Vol. 2 Fury Unleashed
0%
Jadeite Redolence Garden of Jade
0%
Cantus Aeternus Gathering Tempest
0%
The Shimmering Voyage, Vol. 4 Gentle Breeze Through the Pines
0%
The Unfathomable Sand Dunes Ghastly Badlands
0%
Forest of Jnana and Vidya Gilded Runner
0%
The Shimmering Voyage, Vol. 4 Glacial Castigation
0%
Where Roads Are Pledged to Cross Glimmer's End
0%
Where Roads Are Pledged to Cross Glint of Unseen Truth
0%
Where Roads Are Pledged to Cross Gloaming on the Cliff
0%
Fountain of Belleau Gloomy Drizzle
0%
The Shimmering Voyage, Vol. 4 Glorious Metropole
0%
Cantus Aeternus Glory and Decay
0%
The Shimmering Voyage, Vol. 3 Glowing Embers
0%
Land of Tleyaoyotl Glow of Nawpa Pacha
0%
The Unfathomable Sand Dunes God-Devouring Mania
0%
The Unfathomable Sand Dunes Gold Cup of Oases
0%
Forest of Jnana and Vidya Gone With the Wind
0%
The Stellar Moments Vol. 2 Good Hunting on a New Horizon
0%
The Stellar Moments, Vol. 3 Graceful Dexterity
0%
The Unfathomable Sand Dunes Grief of the Lost
0%
Jadeite Redolence Guhua's Legacy
0%
The Unfathomable Sand Dunes Gurabad's Whisper
0%
Realm of Tranquil Eternity Hakushin's Lullaby
0%
Land of Tleyaoyotl Halls of Hueyteotl
0%
The Shimmering Voyage, Vol. 2 Hang by a Thread
0%
Eternal Sun, Eternal Want Hanging in the Heart of the Wind
0%
Fountain of Belleau Harmonia of Polysynodie
0%
Cantus Aeternus Harmonious Capitolium
0%
The Stellar Moments, Vol. 6 Healing Breeze
0%
The Shimmering Voyage, Vol. 3 Heart of Yuugen
0%
The Shimmering Voyage, Vol. 3 Heliacal Path
0%
Where Roads Are Pledged to Cross Heosphoros Hymn to Helel
0%
Jadeite Redolence Herb Gatherer's Dream
0%
Cantus Aeternus Here Be Dragons
0%
Radiance Aflame Here Cometh the Flamelord
0%
Radiance Aflame Here Lies the Realm of Dragons
0%
The Shimmering Voyage, Vol. 2 Her Imperial Majesty
0%
Footprints of the Traveler Hidden Dreams in the Depths
0%
The Shimmering Voyage, Vol. 4 Hidden Sillage
0%
Outside It Is Growing Dark Hint from the Moonshadow
0%
Eternal Sun, Eternal Want Hoary Hibernation
0%
Forest of Jnana and Vidya Hollow Echoes
0%
Eternal Sun, Eternal Want Homeward Bound
0%
The Shimmering Voyage, Vol. 4 Honorable Landscape
0%
The Stellar Moments, Vol. 5 Ho'olauna aloha!
0%
Outside It Is Growing Dark Hopak of Cape and Wave
0%
Islands of the Lost and Forgotten Hope or Nostalgia
0%
Land of Tleyaoyotl House of Cinders
0%
Eternal Sun, Eternal Want Hushed Canopy of Night
0%
The Unfathomable Sand Dunes Hushed Gleam
0%
The Shimmering Voyage, Vol. 3 Hyakuin of Blossoming Mirage
0%
Forest of Jnana and Vidya Hymns of Eventide
0%
The Shimmering Voyage Vol. 5 Idle Days of Ease
0%
Eternal Sun, Eternal Want Idle Hours
0%
The Shimmering Voyage, Vol. 4 I Got Reincarnated as an Onikabuto... And Flipped the World Upside Down - Instrumental
0%
Fountain of Belleau Il Crepuscolo di Poisson
0%
The Shimmering Voyage, Vol. 2 Illusory Apparitions
0%
The Stellar Moments, Vol. 4 Illusory Truth
0%
Fountain of Belleau Il Nome della Rosula
0%
The Stellar Moments, Vol. 4 Immaculate Ardency
0%
Forest of Jnana and Vidya Immemorial Land
0%
Islands of the Lost and Forgotten In a Cautious Way
0%
Forest of Jnana and Vidya In a Forgotten Tongue
0%
Forest of Jnana and Vidya In Barren Ashes
0%
Footprints of the Traveler, Vol. 4 Incandescent Ode of Resurrection
0%
Where Roads Are Pledged to Cross Incomplete Ignorance
0%
Pelagic Primaevality Incontro: Bellezza e Rosula
0%
Eternal Sun, Eternal Want Indisputable Commandments
0%
The Shimmering Voyage Vol. 5 Indulgence Beneath the Sun
0%
The Shimmering Voyage, Vol. 3 Inebration of Raghs-e-Nilou
0%
Millelith's Watch Inevitable Conflict
0%
The Shimmering Voyage Vol. 5 Infallibilitas Deitates
0%
The Stellar Moments, Vol. 5 Infinite Cosmodynamics
0%
Millelith's Watch In Gloomy Meditation
0%
Land of Tleyaoyotl Inheritance of an Ancient Name
0%
Radiance Aflame Inheritors of Memory and Legend
0%
The Shimmering Voyage Vol. 5 In Mating Nets
0%
The Unfathomable Sand Dunes Inscription of Dreams
0%
The Stellar Moments, Vol. 5 Interstellar Drift
0%
Realm of Tranquil Eternity Interwoven Nostalgia
0%
Islands of the Lost and Forgotten In the Brink of Time
0%
Forest of Jnana and Vidya In the Solemn Gloom
0%
The Stellar Moments, Vol. 4 In the Wake of Rain
0%
Where Roads Are Pledged to Cross Into the Abyss With the Moon
0%
Millelith's Watch Into the Airless Void
0%
Footprints of the Traveler Into the Perilous Labyrinth of Fog
0%
Forest of Jnana and Vidya Into the Valley of Solitude
0%
Fountain of Belleau Intricate Ruse
0%
Land of Tleyaoyotl Introduction to a Little Friend
0%
The Shimmering Voyage, Vol. 3 Invokation Game
0%
Forest of Jnana and Vidya In Yonder Ribat
0%
The Stellar Moments, Vol. 6 In Your Vision, or in None
0%
The Stellar Moments Vol. 2 Iridescent Summer Day
0%
Where Roads Are Pledged to Cross Irredeemable Mercy
0%
Millelith's Watch Irresistable Force
0%
Realm of Tranquil Eternity Island for Outlanders
0%
Islands of the Lost and Forgotten Island of Crystal and Pearl
0%
Realm of Tranquil Eternity Island of Hanabi
0%
Jadeite Redolence Isolated Pine
0%
Jadeite Redolence Jade Chimes
0%
Where Roads Are Pledged to Cross Jahr und Tag
0%
Fountain of Belleau Je sais le nom de l'etranger !
0%
Forest of Jnana and Vidya Jolts in the Forest
0%
The Shimmering Voyage, Vol. 3 Journey by the Moonlight
0%
Land of Tleyaoyotl Jubilation of Calcine
0%
The Unfathomable Sand Dunes Juncture of Admonition
0%
Forest of Jnana and Vidya Jungle Wanderers
0%
The Shimmering Voyage Vol. 5 Kathisma Chrysopoleos
0%
Outside It Is Growing Dark Keen as Winter Hail
0%
Footprints of the Traveler Vol. 2 King Deshret and the Three Magi
0%
Radiance Aflame Kukulkan's Deceit
0%
Outside It Is Growing Dark Kuunsilta of Thousand Lakes
0%
The Stellar Moments, Vol. 6 La cerise sur le gateau
0%
Fountain of Belleau La cite en la mer
0%
The Shimmering Voyage, Vol. 4 La comedie ni humaine ni divine
0%
The Stellar Moments, Vol. 6 La complexe symphone en cuisine
0%
The Shimmering Voyage, Vol. 4 La condotta della Rosula
0%
The Shimmering Voyage, Vol. 4 La confession interrompue
0%
Cantus Aeternus Lacrimosa
0%
Pelagic Primaevality La derniere opportunite
0%
The Unfathomable Sand Dunes Lamenting Torrent of Oblivion
0%
Pelagic Primaevality La mer, la mere
0%
The Unfathomable Sand Dunes Land of Hidden Depths
0%
Radiance Aflame Land of Primal Flame
0%
Land of Tleyaoyotl Land of Tecalco
0%
Fountain of Belleau Langage des fleurs
0%
The Stellar Moments, Vol. 4 Language of Eternity
0%
Forest of Jnana and Vidya Languid and Quiet Moment
0%
The Shimmering Voyage Vol. 5 Languid Noon Siesta
0%
When Lanterns Echo the Moon Lanterns in the Moonlit Twilight
0%
The Shimmering Voyage, Vol. 4 La nuit fantastique
0%
Fountain of Belleau La nuit silencieuse et paisible
0%
Outside It Is Growing Dark La Preuve D'une Demoiselle, Ou Le Bal De La Numerologie
0%
The Stellar Moments, Vol. 5 Largo alla donzella
0%
The Shimmering Voyage, Vol. 4 La tristezza della Rosula
0%
Cantus Aeternus La vita e sogno
0%
Outside It Is Growing Dark Leaving No Trace
0%
The Shimmering Voyage, Vol. 4 Le ciel clair qu'elle avait songe
0%
Pelagic Primaevality Le commencement de la fin
0%
The Stellar Moments, Vol. 5 Le cramoisi coulant comme Cin
0%
Fountain of Belleau Le dormeur du val
0%
Fountain of Belleau Le fleuve secret
0%
The Shimmering Voyage, Vol. 4 Leisure in Painting
0%
Fountain of Belleau Leisurely Days in Fontaine
0%
Pelagic Primaevality L'envers et l'endroit
0%
Pelagic Primaevality Le secret cache
0%
Fountain of Belleau Les etoiles semblent s'estomper
0%
Pelagic Primaevality Les muets
0%
Fountain of Belleau Les murmures des flots
0%
The Stellar Moments, Vol. 5 Le Souffle du Parfum
0%
Fountain of Belleau Le spectacle doit continuer
0%
Pelagic Primaevality Les rivieres aeriennes
0%
The Shimmering Voyage, Vol. 3 Les tendres souhaits
0%
Pelagic Primaevality Les tenebres et l'oubli
0%
Pelagic Primaevality Les voici ! Voici le duo !
0%
Where Roads Are Pledged to Cross Life Is Inexhaustible
0%
The Shimmering Voyage, Vol. 4 Lightless Dissonance
0%
Outside It Is Growing Dark Light Shines Through Fingers as a Silver Stream
0%
Islands of the Lost and Forgotten Like in a Haze
0%
Fountain of Belleau Limpide est le sanglot d'eau
0%
Forest of Jnana and Vidya Lingering Memories
0%
Forest of Jnana and Vidya Listless and Numb Ground
0%
Millelith's Watch Lithic Oath
0%
Pelagic Primaevality Loch's Revitalization
0%
Cantus Aeternus Locus Amoenus
0%
Islands of the Lost and Forgotten Lonely Journey
0%
Pelagic Primaevality Lonely Melody of Yore
0%
Forest of Jnana and Vidya Lonely Star's Longing
0%
The Unfathomable Sand Dunes Lonesome Road
0%
Where Roads Are Pledged to Cross Lonesome Road Blues
0%
Forest of Jnana and Vidya Long-Lost Chapters
0%
Millelith's Watch Lost in Gravel and Stone
0%
Forest of Jnana and Vidya Lost in Sweet Gentle Breezes
0%
The Unfathomable Sand Dunes Lo, There Do I See The Falcon
0%
The Stellar Moments, Vol. 3 Lotus of Haftkarsvar
0%
The Shimmering Voyage, Vol. 3 Love Is in the Air
0%
Outside It Is Growing Dark Luchnos En Toi Skotei
0%
The Shimmering Voyage, Vol. 4 Madrigale della Candela
0%
Pelagic Primaevality Magick Without Tears
0%
The Shimmering Voyage, Vol. 2 Magnificient Irodori
0%
Land of Tleyaoyotl Makani 'olu'olu
0%
The Shimmering Voyage, Vol. 4 Makurakotoba of Dew
0%
Eternal Sun, Eternal Want Malinalco's Dusk
0%
The Stellar Moments, Vol. 5 Manche de Momotsuzuri
0%
Forest of Jnana and Vidya Many-Colored Smiles and Tears
0%
Fountain of Belleau Marcescent Floret
0%
The Stellar Moments Vol. 2 Marching of Xiezhi
0%
The Shimmering Voyage, Vol. 2 Marching to Victory
0%
Where Roads Are Pledged to Cross March of the Draugr
0%
Footprints of the Traveler Vol. 3 Masquerade of the Guilty
0%
The Stellar Moments, Vol. 5 Maverick Hunter
0%
Outside It Is Growing Dark Mayskaya Noch'
0%
Eternal Sun, Eternal Want Maze of Spirits
0%
Radiance Aflame Meandering Fruit Fragrance
0%
Pelagic Primaevality Mellow Alize
0%
Forest of Jnana and Vidya Melody of Brave Seeds
0%
Forest of Jnana and Vidya Melody of Bright New Buds
0%
Forest of Jnana and Vidya Melody of Distant Green Fields
0%
Forest of Jnana and Vidya Melody of Dream Home
0%
Forest of Jnana and Vidya Melody of Fresh Dewdrops
0%
Forest of Jnana and Vidya Melody of Hidden Seeds
0%
Fountain of Belleau Melody of Merusea
0%
Forest of Jnana and Vidya Melody of Sprouting Flowers
0%
The Shimmering Voyage, Vol. 3 Melody of Utsava
0%
Forest of Jnana and Vidya Melody of Young Leaves
0%
The Shimmering Voyage Vol. 5 Memories Imprinted in Soft Sand
0%
The Shimmering Voyage, Vol. 4 Memories of a Lost Castle
0%
The Stellar Moments, Vol. 5 Menmaatre's Parade
0%
Land of Tleyaoyotl Metaphor for Calamity
0%
Forest of Jnana and Vidya Midnight Reflections
0%
Footprints of the Traveler Midsummer Island Adventure
0%
The Shimmering Voyage, Vol. 2 Miko's Ingenuity
0%
Realm of Tranquil Eternity Miko's Night
0%
The Unfathomable Sand Dunes Millennial Sails
0%
Fountain of Belleau Miraculous Whisper
0%
The Unfathomable Sand Dunes Mirage of the Oasis
0%
Radiance Aflame Misty Redolence
0%
Islands of the Lost and Forgotten Misty Truth
0%
The Shimmering Voyage, Vol. 3 Moment of Conflict
0%
Land of Tleyaoyotl Moment of Solace
0%
The Shimmering Voyage, Vol. 3 Moment of Tribulation
0%
Millelith's Watch Moon Above the Valley
0%
Footprints of the Traveler, Vol. 4 Moonlight Amidst Dreams
0%
Where Roads Are Pledged to Cross Moonlight, Wistfully Shed
0%
Jadeite Redolence Moonlit Lanterns
0%
Forest of Jnana and Vidya Moonlit Night in Sumeru
0%
Pelagic Primaevality Moonlit Tides
0%
Land of Tleyaoyotl Moon of Hanan Pacha
0%
Where Roads Are Pledged to Cross Moonrise Prayer
0%
Where Roads Are Pledged to Cross Moored in Dreams
0%
The Shimmering Voyage, Vol. 4 Morning Song in the Forest
0%
Jadeite Redolence Mountainborn Gale
0%
Eternal Sun, Eternal Want Mountain's Hymn
0%
Jadeite Redolence Mountains of Mist
0%
Islands of the Lost and Forgotten Mournful Whisperings
0%
The Stellar Moments Vol. 2 Muji-Muji Chaos!
0%
Realm of Tranquil Eternity Murmuring Creek
0%
Fleeting Colors in Flight Myriad of Lights
0%
Forest of Jnana and Vidya Nameless Days
0%
Pelagic Primaevality Narcissus Without Water
0%
Islands of the Lost and Forgotten Narukami-Bayashi
0%
Pelagic Primaevality Neath the Fountain
0%
The Unfathomable Sand Dunes Nebulous Dunes
0%
The Stellar Moments, Vol. 3 Nephrite of Deshret
0%
Radiance Aflame Nibbling on Nightmares
0%
The Shimmering Voyage, Vol. 4 Night of the Sacred Flame
0%
Eternal Sun, Eternal Want Night's Crown of Flowers
0%
Fountain of Belleau Nocturnal Illumination
0%
The Stellar Moments, Vol. 5 Non si levava ancor
0%
Radiance Aflame Not All Blades Point the Same Way
0%
The Shimmering Voyage, Vol. 3 Note of Calamity
0%
The Stellar Moments, Vol. 5 Notes Aeriennes
0%
Outside It Is Growing Dark Notes from Striking the Anvil
0%
The Shimmering Voyage, Vol. 2 Nothing but a Dream
0%
Realm of Tranquil Eternity Nothing but Ivy
0%
The Shimmering Voyage Vol. 5 Nothing Gold Can Stay
0%
Pelagic Primaevality No Trespassing
0%
Islands of the Lost and Forgotten Now and Forevermore
0%
Where Roads Are Pledged to Cross Nox alta malum stat
0%
Fountain of Belleau Nymphs' Tea Party
0%
Fountain of Belleau Oath of Many Waters
0%
Where Roads Are Pledged to Cross Oath of the Mist
0%
The Unfathomable Sand Dunes Obliterated Dust
0%
The Unfathomable Sand Dunes Obscure Mirage
0%
Fountain of Belleau Obscure Obsession
0%
The Shimmering Voyage, Vol. 3 Occluded Blight
0%
The Unfathomable Sand Dunes Ocean of Grains
0%
Land of Tleyaoyotl Ode of Resurrection: Doxology
0%
Land of Tleyaoyotl Ode of Resurrection: Excerpt
0%
Radiance Aflame Ode of Resurrection: Recapitulation
0%
The Shimmering Voyage, Vol. 2 Odyssey to the Uncharted
0%
Where Roads Are Pledged to Cross Of Lost Moon and Drifting Stars
0%
Radiance Aflame Of That Colossal Wreck
0%
Radiance Aflame Of Truth Etched in Name
0%
The Unfathomable Sand Dunes Omen of Desolation
0%
Outside It Is Growing Dark Omens Brought on the Wind
0%
Millelith's Watch On a Cold Night
0%
Cantus Aeternus Once a Land of Amoene
0%
Eternal Sun, Eternal Want Once Upon a Time in the Vale
0%
Realm of Tranquil Eternity Ones Who Strive to Live
0%
Eternal Sun, Eternal Want Onset of Omens
0%
The Unfathomable Sand Dunes On the Barren Sands
0%
The Shimmering Voyage, Vol. 4 Oracle of Deep Waters
0%
Pelagic Primaevality Ordeals, Rituals, Laws
0%
Realm of Tranquil Eternity Orobashi's Teaching
0%
Forest of Jnana and Vidya Overnight Dew in the Woods
0%
Forest of Jnana and Vidya Over the Tumbling Rivulet
0%
Footprints of the Traveler, Vol. 4 Paralogism
0%
The Shimmering Voyage, Vol. 3 Parcener of Heptas
0%
The Shimmering Voyage, Vol. 4 Pas de deux di Rosula e Candela
0%
Fountain of Belleau Passage of an Era
0%
The Unfathomable Sand Dunes Past Repast
0%
The Shimmering Voyage, Vol. 4 Patches of Sunlight
0%
The Shimmering Voyage, Vol. 4 Pathfinder of Darkness
0%
Radiance Aflame Path Lit by Night
0%
Fountain of Belleau Path of Desolation
0%
The Stellar Moments Vol. 2 Path of Yaksha
0%
The Shimmering Voyage, Vol. 4 Pendente Lite
0%
The Shimmering Voyage, Vol. 3 Pensees tranquilles
0%
The Unfathomable Sand Dunes Perilous Exploration
0%
The Unfathomable Sand Dunes Perilous Hollow
0%
Fountain of Belleau Peripatetic Peregrination
0%
The Shimmering Voyage, Vol. 2 Phantasm Suite
0%
Fountain of Belleau Pilot's Rest
0%
Jadeite Redolence Pleasure of Rural Life
0%
Cantus Aeternus Pledge of Peace
0%
The Stellar Moments, Vol. 5 Plum Blossom Spring
0%
Fountain of Belleau Poesy of Chrysolite
0%
The Shimmering Voyage, Vol. 3 Polumnia Omnia - Performance Version
0%
The Stellar Moments, Vol. 5 Possente legge e formidable nume
0%
Where Roads Are Pledged to Cross Prajnaparamitopadesa to Quell Seven Calamities
0%
The Shimmering Voyage Vol. 5 Prayer in a Land of War
0%
The Shimmering Voyage, Vol. 2 Prelude of Change
0%
Realm of Tranquil Eternity Preparation of Matsuri
0%
Where Roads Are Pledged to Cross Presage of the Devouring Slumber
0%
Eternal Sun, Eternal Want Prismatic Proverbs
0%
The Unfathomable Sand Dunes Profound Ravines
0%
Land of Tleyaoyotl Promises by the Spring
0%
Pelagic Primaevality Prophetie of Predestination
0%
The Stellar Moments, Vol. 5 Propitious Ardor
0%
Radiance Aflame Pro Vitis Horum
0%
Millelith's Watch Prowl the Shadows
0%
The Shimmering Voyage, Vol. 3 Pulse of Spring
0%
The Shimmering Voyage, Vol. 3 Purposeful Purity
0%
Fountain of Belleau Quand la lumiere resplendira
0%
Fountain of Belleau Que le vent soit doux
0%
Land of Tleyaoyotl Quetzal's Yearning
0%
Fountain of Belleau Qui me freine a un tel moment
0%
The Unfathomable Sand Dunes Quintempus Niteastetae
0%
Fountain of Belleau Quo Vadis
0%
Radiance Aflame Radiance Unfading
0%
Pelagic Primaevality Rainbow Cradlesong
0%
Land of Tleyaoyotl Rainbow Leis
0%
Eternal Sun, Eternal Want Rain of an Ancient Dream
0%
Outside It Is Growing Dark Raised on Fallen Meteorites
0%
Fountain of Belleau Raven Gloss of Darkness
0%
Land of Tleyaoyotl Realm of Ethereal Murk
0%
The Unfathomable Sand Dunes Realms of Amnesia
0%
Where Roads Are Pledged to Cross Redemptio Numquam Adentua
0%
Outside It Is Growing Dark Reflections in a Timeless Calm
0%
Pelagic Primaevality Refractions of Silence
0%
Realm of Tranquil Eternity Remaining Tenderness
0%
The Shimmering Voyage, Vol. 3 Remembrance of Akitsu
0%
The Unfathomable Sand Dunes Reminiscence of Remnants
0%
Land of Tleyaoyotl Reminiscent of the Stolen Flame
0%
Pelagic Primaevality Resonance of Longing
0%
Forest of Jnana and Vidya Resonant Chant in the Woods
0%
Realm of Tranquil Eternity Resounding of Silence
0%
The Stellar Moments, Vol. 4 Resplendent Couture
0%
The Unfathomable Sand Dunes Resting Rogues
0%
Pelagic Primaevality Restoration Through Labor
0%
The Stellar Moments, Vol. 5 Retaining Clouds Over a Clear Pool
0%
Pelagic Primaevality Retribution, Served Cold
0%
Forest of Jnana and Vidya Return to Trueness
0%
The Shimmering Voyage, Vol. 4 Revealed Retribution
0%
Fountain of Belleau Reve d'alouette
0%
Fountain of Belleau Revelatio Finalis
0%
The Unfathomable Sand Dunes Reverie of Eternity
0%
Land of Tleyaoyotl Reverie of Pua Aloalo
0%
The Shimmering Voyage Vol. 5 Reversed Paths to Yesod
0%
The Stellar Moments, Vol. 5 Revised Requiem
0%
Cantus Aeternus Rex Tremendae
0%
The Unfathomable Sand Dunes Rhapsodia Roscida
0%
Forest of Jnana and Vidya Rhymes of Vales
0%
Pelagic Primaevality Rhythm of Inquiry
0%
Millelith's Watch Ripples of the Past
0%
The Shimmering Voyage Vol. 5 Rippling Reveries
0%
Fountain of Belleau Rippling Wavelet
0%
Radiance Aflame Ri Yokobal kech ri Ajaw Ch'ulel
0%
Islands of the Lost and Forgotten Roaming in Silence
0%
The Shimmering Voyage, Vol. 4 Romantic Encounter
0%
Fountain of Belleau Rondeau des fleurs et des rapieres
0%
The Shimmering Voyage, Vol. 2 Roots of Tranquil Eternity
0%
Footprints of the Traveler Vol. 3 Roses and Muskets
0%
Outside It Is Growing Dark Rosy Marshland
0%
The Unfathomable Sand Dunes Ruins of Scorching Might
0%
The Shimmering Voyage, Vol. 2 Rumble of Thunder
0%
Forest of Jnana and Vidya Rustling of Tender Foliage
0%
Outside It Is Growing Dark Sails Set with Eagerness
0%
Eternal Sun, Eternal Want Salute of Eagles
0%
Realm of Tranquil Eternity Samurai's Sorrow
0%
The Shimmering Voyage, Vol. 3 Sanctuary for the Sick
0%
Islands of the Lost and Forgotten Savory Treat
0%
Realm of Tranquil Eternity Scarred Island
0%
Where Roads Are Pledged to Cross Scars of the Hunt
0%
The Stellar Moments, Vol. 5 Scorching Haze
0%
Forest of Jnana and Vidya Scorching Outpost
0%
Radiance Aflame Sea of Shifting Sentience
0%
Fountain of Belleau Searching for Clues
0%
Millelith's Watch Secret Is Held
0%
The Shimmering Voyage, Vol. 4 Secret Orders of the Sands
0%
Footprints of the Traveler Vol. 2 Secret Summer Paradise
0%
Millelith's Watch Seething Animosity
0%
Fountain of Belleau Sensational Sentence
0%
Cantus Aeternus Sequentia Sequelarum
0%
Fountain of Belleau Sequestered Springs
0%
The Unfathomable Sand Dunes Serenade of Callais
0%
The Shimmering Voyage, Vol. 3 Serenade of the Distant Realm
0%
The Stellar Moments, Vol. 3 Serene and Fathomless
0%
The Stellar Moments, Vol. 4 Serene Contemplation
0%
Eternal Sun, Eternal Want Serpent's Endgame
0%
Realm of Tranquil Eternity Serpent's Tragedy
0%
The Unfathomable Sand Dunes Settlement for Exiles
0%
The Stellar Moments, Vol. 6 Sewing Sacred Secrets
0%
Jadeite Redolence Shaded Valley's Repose
0%
Fountain of Belleau Shade of Flowers
0%
The Unfathomable Sand Dunes Shade of Reticent Conundrums
0%
The Unfathomable Sand Dunes Shadow in Ruins
0%
The Stellar Moments Vol. 2 Shadow of Nemesis
0%
Realm of Tranquil Eternity Shadow of War
0%
Footprints of the Traveler Shadows Amidst Snowstorms
0%
Eternal Sun, Eternal Want Shaping the Struggle
0%
The Shimmering Voyage, Vol. 4 Sheaths of Void
0%
Land of Tleyaoyotl Shedding Twilight
0%
The Shimmering Voyage Vol. 5 Shells at the Hem of the Sea
0%
Outside It Is Growing Dark Shetau of Tulaytullah and Pushpavatika
0%
The Stellar Moments Vol. 2 Shirasagi Princess
0%
Realm of Tranquil Eternity Shirasagi's Demeanor
0%
The Shimmering Voyage, Vol. 2 Shogun's Abdication
0%
The Shimmering Voyage, Vol. 4 Shrouded Honor
0%
The Shimmering Voyage Vol. 5 Shuttling Through the Abyssal Rift
0%
Land of Tleyaoyotl Sifu Moto
0%
Realm of Tranquil Eternity Sigh of an Old Friend
0%
Eternal Sun, Eternal Want Sigh, the Breath of Yore
0%
Islands of the Lost and Forgotten Silent Seclusion
0%
Forest of Jnana and Vidya Silent Starry Night
0%
Realm of Tranquil Eternity Silent Testimony
0%
Land of Tleyaoyotl Silent Voices of the Night
0%
Forest of Jnana and Vidya Silky Crooning
0%
The Shimmering Voyage, Vol. 3 Sipping in the Soft Breeze
0%
Radiance Aflame Skyfire Circlet
0%
Radiance Aflame Sleep After the Toil
0%
Forest of Jnana and Vidya Sleepless Night
0%
Where Roads Are Pledged to Cross Slivers of Silver
0%
Islands of the Lost and Forgotten Slumbering Land of Neko
0%
The Shimmering Voyage, Vol. 3 Smiting Scope
0%
Land of Tleyaoyotl Smoke of Fallen Flames
0%
The Unfathomable Sand Dunes Smoldering Glow
0%
Forest of Jnana and Vidya Snare Awaiting
0%
The Shimmering Voyage Vol. 5 Snug Bundle of Warmth
0%
The Shimmering Voyage, Vol. 4 Snuggy Breeze
0%
The Shimmering Voyage, Vol. 2 Soar in the Wind
0%
The Stellar Moments, Vol. 6 Soft as Willow Down
0%
Islands of the Lost and Forgotten Soft Moans of the Remains
0%
Where Roads Are Pledged to Cross Soft Silver Song
0%
The Shimmering Voyage, Vol. 2 Soliloquy of the Star
0%
The Unfathomable Sand Dunes Solitary Night Wanderings
0%
Millelith's Watch Solitary Stray Bird
0%
Fountain of Belleau Sombre of the White Spring
0%
Eternal Sun, Eternal Want Someone Walked These Paths
0%
The Shimmering Voyage, Vol. 2 Song of Innocence
0%
Where Roads Are Pledged to Cross Song of the Open Road
0%
The Stellar Moments, Vol. 4 Sonnet of Profundity
0%
The Shimmering Voyage, Vol. 3 Soothing Nightfalls
0%
Eternal Sun, Eternal Want Soothing of Soul and Sand
0%
The Shimmering Voyage, Vol. 3 Soothing Slumber
0%
Islands of the Lost and Forgotten Sorrows of Strays
0%
The Unfathomable Sand Dunes Sorush's Purity
0%
Realm of Tranquil Eternity Soul of Soulless Conditions
0%
Forest of Jnana and Vidya Speechless Sorrows
0%
The Shimmering Voyage Vol. 5 Splendors of High Summer
0%
Radiance Aflame Spring Returns in Splendor
0%
Fountain of Belleau Spring Song
0%
Jadeite Redolence Spring's Tender Sigh
0%
Eternal Sun, Eternal Want Springtime in a Mirror
0%
Radiance Aflame Sprouting of a Gentle Wish
0%
Eternal Sun, Eternal Want Stage's Coach
0%
The Unfathomable Sand Dunes Stairway of Neterikhet
0%
Eternal Sun, Eternal Want Starcaller's Wishes
0%
The Shimmering Voyage, Vol. 4 Starlight Voyage
0%
The Unfathomable Sand Dunes Steps to Heptas
0%
Millelith's Watch Stillness of the Ground
0%
Millelith's Watch Stories of Remote Antiquity
0%
The Stellar Moments, Vol. 3 Storm Chaser
0%
Realm of Tranquil Eternity Stranded Wish
0%
Forest of Jnana and Vidya Stream of Twilight Thoughts
0%
Radiance Aflame Strength in Motion
0%
Land of Tleyaoyotl Striving for the Wind
0%
Forest of Jnana and Vidya Struggle of Dying Embers
0%
Pelagic Primaevality Submerged Meditation
0%
Cantus Aeternus Submerged Trumpet
0%
The Shimmering Voyage, Vol. 2 Suffering of Parting
0%
Footprints of the Traveler Summer Fantasia
0%
The Shimmering Voyage, Vol. 4 Summer Souvenir
0%
Footprints of the Traveler Vol. 3 Summertide Scales and Tales
0%
The Stellar Moments, Vol. 4 Sunfrost Breeze
0%
The Shimmering Voyage Vol. 5 Sunlit Expanse
0%
Where Roads Are Pledged to Cross Sunlit Hymn for the Margins
0%
Footprints of the Traveler, Vol. 4 Sunspray Summer Resort
0%
The Shimmering Voyage, Vol. 4 Surging Calamity
0%
Fountain of Belleau Surging Reminiscence
0%
The Stellar Moments, Vol. 3 Surreal Noctivaga
0%
Fountain of Belleau Susurrating Holt
0%
Islands of the Lost and Forgotten Swath of Desolation
0%
The Unfathomable Sand Dunes Swirls of Sachmis
0%
Forest of Jnana and Vidya Swirls of the Stream
0%
Fountain of Belleau Symposion of Spectacle
0%
Outside It Is Growing Dark Syntyloitsut of Koitar
0%
The Stellar Moments Vol. 2 Tactician's Gift
0%
The Shimmering Voyage, Vol. 2 Tagelied nächtlicher Gedanken
0%
The Shimmering Voyage, Vol. 2 Take This!
0%
The Shimmering Voyage, Vol. 4 Tales From the Hills
0%
The Stellar Moments, Vol. 6 Tales From the Ninety-Eight-Nights
0%
Islands of the Lost and Forgotten Tales of Woe
0%
Forest of Jnana and Vidya Tangled Vines
0%
Eternal Sun, Eternal Want Tanyolche's Memories
0%
Footprints of the Traveler, Vol. 4 Tapestry of Spirit and Flame
0%
Jadeite Redolence Teaplucker's Joy
0%
Islands of the Lost and Forgotten Tearless Souls of Byakuya
0%
Eternal Sun, Eternal Want Tears of a Scorching Night
0%
Cantus Aeternus Tears of Days Past
0%
The Shimmering Voyage, Vol. 4 Tender Is the Night
0%
Land of Tleyaoyotl Thanks for the Fire
0%
Jadeite Redolence The Absent Hermit
0%
Islands of the Lost and Forgotten The Abysmal Region
0%
The Shimmering Voyage Vol. 5 The Ancient Doom Descends
0%
The Stellar Moments, Vol. 5 The Antiquity of Names
0%
The Shimmering Voyage, Vol. 3 The Blaze Lilies
0%
Radiance Aflame The Brisk Morning Air
0%
Footprints of the Traveler The Chalk Prince and the Dragon
0%
Radiance Aflame The Chosen of Dragons' Trials
0%
The Shimmering Voyage Vol. 5 The Clash of Slander and Silence
0%
The Shimmering Voyage, Vol. 2 The Comrades' Ambush
0%
Outside It Is Growing Dark The Deed That Cleft the Sea
0%
Radiance Aflame The Dream That Was Tollan
0%
Where Roads Are Pledged to Cross The Entombed Phantasms
0%
The Shimmering Voyage, Vol. 2 The Everlasting Trail
0%
Footprints of the Traveler Vol. 2 The Exquisite Night Chimes
0%
Eternal Sun, Eternal Want The Fading Voices of Cinder
0%
Millelith's Watch The Faint Distant Mountains
0%
The Stellar Moments, Vol. 6 The Feast of Valor
0%
Radiance Aflame The Fire That Memory Keeps
0%
Radiance Aflame The Flame Ever Ablaze
0%
The Shimmering Voyage, Vol. 2 The Floating World
0%
Outside It Is Growing Dark The Forbidding Ground
0%
Where Roads Are Pledged to Cross The Forlorn Trek of Suffering
0%
The Stellar Moments Vol. 2 The Frozen Emblem
0%
Islands of the Lost and Forgotten The Gaze of the Ancients
0%
The Shimmering Voyage Vol. 5 The Gaze of the Red Death
0%
Outside It Is Growing Dark The Gleaming Thread
0%
Islands of the Lost and Forgotten The Glooming Light
0%
Outside It Is Growing Dark The Great Cannon Thundering
0%
Land of Tleyaoyotl The Heights of Rumikunamanta
0%
The Shimmering Voyage Vol. 5 The Homeland Held in Song
0%
Radiance Aflame The Horn Has Sounded
0%
Footprints of the Traveler The Immovable God and Eternal Euthymia
0%
Outside It Is Growing Dark The Iron-Cast Torrent
0%
The Shimmering Voyage, Vol. 4 The Last Promise
0%
Pelagic Primaevality The Last Rose of the Sinner
0%
Where Roads Are Pledged to Cross The Light We Call Hope
0%
The Shimmering Voyage, Vol. 2 The Liyue Romans-Fleuves
0%
Islands of the Lost and Forgotten The Long Dark Night
0%
Millelith's Watch The Long Lost Days
0%
Realm of Tranquil Eternity The Lost Mound
0%
Pelagic Primaevality Thelxie's Murmurs
0%
When Lanterns Echo the Moon The Moon's Mist-Woven Veil
0%
Where Roads Are Pledged to Cross The Moon's Veiled Reverie
0%
Footprints of the Traveler Vol. 2 The Morn a Thousand Roses Brings
0%
The Shimmering Voyage, Vol. 3 The Moving Finger Writes
0%
Radiance Aflame The Mushroom Creeps In
0%
The Shimmering Voyage, Vol. 3 The Name Is Legion
0%
Land of Tleyaoyotl The Nocturnal Firmament's Luster
0%
The Shimmering Voyage, Vol. 3 The Owl's Nocturne
0%
Radiance Aflame The Path Towards Tota'ch'imil
0%
Outside It Is Growing Dark The Perilous Fog
0%
The Shimmering Voyage Vol. 5 The Pleasant Tipsiness After the Feast
0%
Footprints of the Traveler, Vol. 4 The Rainbow Destined to Burn
0%
Islands of the Lost and Forgotten The Realm of Tokoyo
0%
Outside It Is Growing Dark The Redoubt Amidst the Frigid Wind
0%
The Stellar Moments, Vol. 3 There Is No Escape
0%
Radiance Aflame The Return Through the Fire
0%
Jadeite Redolence The Rime of the Ancient Bargeman
0%
Jadeite Redolence The Rime of the Ancient Bargeman (II)
0%
Azure Lantern, Jade Inkstone The Rime of the Ancient Bargeman (III)
0%
Outside It Is Growing Dark The Roiling Streets
0%
Pelagic Primaevality The Rotating Realm
0%
Azure Lantern, Jade Inkstone The Sanctification of Tao Dou
0%
Land of Tleyaoyotl The Sea and the Bells
0%
Realm of Tranquil Eternity The Sealed Harbor
0%
Fountain of Belleau The Shadow Out of Time
0%
Islands of the Lost and Forgotten The Shallow Melancholy
0%
Outside It Is Growing Dark The Solitary Silhouette
0%
The Shimmering Voyage, Vol. 4 The Songs of the Wrens
0%
Where Roads Are Pledged to Cross The Soul-Devouring Nightmare
0%
The Shimmering Voyage Vol. 5 The Sparkle in Your Smile
0%
The Stellar Moments, Vol. 3 The Spotlight's on Me!
0%
Millelith's Watch The Starlit Dome
0%
The Unfathomable Sand Dunes The Temple Conquered by Death
0%
The Shimmering Voyage Vol. 5 The Tides Leisurely Tune
0%
The Shimmering Voyage Vol. 5 The Travelling Boats Gentle Rocking
0%
The Shimmering Voyage Vol. 5 The Unbearable Weight of Being
0%
Fountain of Belleau The Vision and the Voice
0%
The Shimmering Voyage Vol. 5 The Wanderers Trace
0%
Where Roads Are Pledged to Cross The Watcher by the Edge
0%
The Shimmering Voyage Vol. 5 The Watch of a Sleepless Sheep
0%
The Shimmering Voyage Vol. 5 The Wild Soft Summer Darkness
0%
The Stellar Moments, Vol. 6 The Wind-Woven Poem Upon the Waters
0%
Radiance Aflame The World at Bay Beyond the Pillow
0%
The Stellar Moments, Vol. 5 This Side of Promise
0%
Forest of Jnana and Vidya Those Lucid Dreams
0%
Radiance Aflame Those That Stand With the Flame
0%
Forest of Jnana and Vidya Thoughts and Prayers
0%
Where Roads Are Pledged to Cross Threads Bound in Silence
0%
Where Roads Are Pledged to Cross Threefold Falsehood
0%
Fountain of Belleau Throughout the Flow of Years
0%
Fountain of Belleau Till All the Seas
0%
Radiance Aflame Till a Thousand Suns Arose
0%
The Shimmering Voyage, Vol. 4 Timeless Warmth
0%
Land of Tleyaoyotl ...Times Come Again No More
0%
Realm of Tranquil Eternity Time to Say Farewell
0%
The Shimmering Voyage, Vol. 3 Tipsy Poetry
0%
The Shimmering Voyage, Vol. 4 Tipsy Sips
0%
Pelagic Primaevality To Each What He Deserves
0%
Where Roads Are Pledged to Cross Torches Together
0%
Eternal Sun, Eternal Want To the End of All Wars
0%
Radiance Aflame To the End, They Remain
0%
Footprints of the Traveler Vol. 3 To the Stars Shining in the Depths
0%
Eternal Sun, Eternal Want Touring the Dawn
0%
The Shimmering Voyage, Vol. 4 Tout est bien qui finit bien
0%
The Shimmering Voyage, Vol. 3 Towers of Afrasiab
0%
Fountain of Belleau Trail of Shadows
0%
Fountain of Belleau Tranquil Plains
0%
Forest of Jnana and Vidya Transparent Night
0%
The Shimmering Voyage, Vol. 2 Traum durch die Dämmerung, erster Satz
0%
The Shimmering Voyage, Vol. 2 Traum durch die Dämmerung, zweiter Satz
0%
Where Roads Are Pledged to Cross Traumhafte Pastorale
0%
The Shimmering Voyage, Vol. 4 Tread the Tide
0%
Millelith's Watch Tremor of Menace
0%
The Shimmering Voyage, Vol. 2 Trial of Thunder
0%
The Shimmering Voyage, Vol. 3 Trifaria Conscientia
0%
The Shimmering Voyage, Vol. 3 Triumph of Mirth
0%
Pelagic Primaevality Truncated Verse
0%
Cantus Aeternus Tuba Mirum
0%
Eternal Sun, Eternal Want Tumaini washa moto
0%
The Shimmering Voyage, Vol. 4 Twice-Told Tales
0%
The Shimmering Voyage, Vol. 4 Twilight Wanderings
0%
Footprints of the Traveler Vol. 3 Two Worlds Aflame, the Crimson Night Fades
0%
Eternal Sun, Eternal Want Unanswered Yearning
0%
Forest of Jnana and Vidya Unbounded Barrenness
0%
Land of Tleyaoyotl Undanced Dance
0%
Millelith's Watch Undercurrents of Hostility
0%
Millelith's Watch Under the Clear Sky
0%
The Shimmering Voyage, Vol. 2 Under the Sun
0%
The Unfathomable Sand Dunes Undisturbed Tranquility
0%
The Shimmering Voyage, Vol. 2 Unforeseen Disaster
0%
The Shimmering Voyage, Vol. 4 Unforeseen Peril
0%
The Shimmering Voyage, Vol. 2 Unfulfilled Aspirations
0%
Pelagic Primaevality Un nouvel espoir
0%
The Shimmering Voyage, Vol. 2 Unpredicted Conspiracy
0%
Where Roads Are Pledged to Cross Unpromised Promise
0%
The Shimmering Voyage, Vol. 3 Unrequited Yearning
0%
Land of Tleyaoyotl Until the Morning After
0%
Realm of Tranquil Eternity Unwavering March
0%
The Stellar Moments, Vol. 6 Unwritten Stories
0%
Forest of Jnana and Vidya Unyielding Witness
0%
The Stellar Moments, Vol. 6 Valiant Duel
0%
Realm of Tranquil Eternity Valor & Prowess
0%
The Shimmering Voyage, Vol. 2 Vanished Beyond Recall
0%
Forest of Jnana and Vidya Varuna's Mercy
0%
Pelagic Primaevality Veiled in Shadows
0%
Jadeite Redolence Verdant Longings
0%
The Stellar Moments, Vol. 4 Veritas Numquam Perit
0%
The Unfathomable Sand Dunes Vermin Nest
0%
Fountain of Belleau Vespers of Pluviose
0%
Outside It Is Growing Dark Vessel for Prayer
0%
Forest of Jnana and Vidya Vestige of Dahri
0%
The Stellar Moments, Vol. 5 Via col vento rosato
0%
The Stellar Moments, Vol. 5 Viajadora's Verse
0%
Footprints of the Traveler Vol. 3 Vibrant Harriers Aloft in Spring Breeze
0%
Where Roads Are Pledged to Cross Vidi quae ille viderat
0%
Forest of Jnana and Vidya Vigilant Minders
0%
Radiance Aflame Vigil dor Reunion
0%
Forest of Jnana and Vidya Village Surrounded by Green
0%
The Shimmering Voyage, Vol. 3 Virtous Guardian
0%
Radiance Aflame Vitas Corrodens Pestis
0%
The Stellar Moments, Vol. 5 Voici la grenadiere !
0%
Outside It Is Growing Dark Votum Awaited in Vain
0%
The Unfathomable Sand Dunes Vow of a Thousand Generations
0%
The Shimmering Voyage, Vol. 3 Voyage of the Black Crystal
0%
The Shimmering Voyage, Vol. 3 Voyage Suite
0%
Islands of the Lost and Forgotten Walking a Pathless Path
0%
Forest of Jnana and Vidya Walk Through the Silent Path
0%
Radiance Aflame Walk With the Blazing Fire
0%
Millelith's Watch Wandering Clouds
0%
Islands of the Lost and Forgotten Wandering in the Mist
0%
Where Roads Are Pledged to Cross Wandrers Nachtlied
0%
Outside It Is Growing Dark Warm Remembrance
0%
The Stellar Moments, Vol. 6 War With Pepper and Fish
0%
The Shimmering Voyage Vol. 5 Waves Curl Over Drifting Sand
0%
The Shimmering Voyage, Vol. 4 Weaving Nishiki
0%
Pelagic Primaevality Welcome to the Industry
0%
The Shimmering Voyage, Vol. 4 Whale Dream
0%
Pelagic Primaevality Whale's Whisper
0%
Jadeite Redolence What a Delightful Scenery
0%
Islands of the Lost and Forgotten What Now Remains
0%
Outside It Is Growing Dark What Sleeps in Shadow Now Wakes
0%
Islands of the Lost and Forgotten When All Has Elapsed
0%
The Shimmering Voyage Vol. 5 When Night Deepens, the Moon Falls
0%
Radiance Aflame When Slumber Lifts
0%
The Shimmering Voyage, Vol. 4 When the Axles Break
0%
Eternal Sun, Eternal Want When the Breeze Ceases
0%
Jadeite Redolence When the Herb Fades
0%
The Shimmering Voyage Vol. 5 When the Mead First Ferments
0%
Footprints of the Traveler When the Sakura Bloom
0%
Where Roads Are Pledged to Cross When War Songs Rise
0%
Where Roads Are Pledged to Cross When Winter Arrives, When Light Rises
0%
Where Roads Are Pledged to Cross Where Dewdrops Sleep in Endless Deep
0%
The Unfathomable Sand Dunes Where Dreams Putrify
0%
Where Roads Are Pledged to Cross Where Dreams Rest
0%
Radiance Aflame Where Hope Ended, Fire Began
0%
The Unfathomable Sand Dunes Where Simurgh Rests
0%
When Lanterns Echo the Moon Where Tender Night Embraceth Thee
0%
Land of Tleyaoyotl Where the Breeze Stills
0%
Outside It Is Growing Dark Where the Cricket Sings
0%
The Stellar Moments, Vol. 6 Where the Current Flows into Eternity
0%
Radiance Aflame Where the Dragon Casts Its Will
0%
Realm of Tranquil Eternity Where the Heart Settles
0%
Eternal Sun, Eternal Want Where the Mists Enshroud
0%
Realm of Tranquil Eternity Where the Shirasagi Dances
0%
Outside It Is Growing Dark Where the Wandering Ones Rest
0%
The Unfathomable Sand Dunes Where Vermin Crawl
0%
Forest of Jnana and Vidya Whirling of Leaves and Petals
0%
The Stellar Moments, Vol. 4 Whirling of Vairambhaka
0%
Outside It Is Growing Dark Whirling out and Over
0%
Land of Tleyaoyotl Whirl of Chalchiuhtlicue
0%
Realm of Tranquil Eternity Whispering Tatarigami
0%
The Stellar Moments, Vol. 4 Whisper of Verdure
0%
The Shimmering Voyage, Vol. 3 Whisper of Weinlesefest
0%
Forest of Jnana and Vidya Whispers of Immensity
0%
Land of Tleyaoyotl Whistles of Monetoo
0%
Forest of Jnana and Vidya Whitewood Memorabilia
0%
The Stellar Moments Vol. 2 Will of Thunder
0%
Pelagic Primaevality Willow of Sorrow
0%
The Shimmering Voyage Vol. 5 Wind-Blown Ravines
0%
Footprints of the Traveler Vol. 2 Windblume's Breath
0%
The Unfathomable Sand Dunes Wind of Tranquility
0%
Eternal Sun, Eternal Want Wingless Wail
0%
Where Roads Are Pledged to Cross Winter's Hold, Silver Cold
0%
The Stellar Moments, Vol. 3 Wishes Unspoken
0%
Where Roads Are Pledged to Cross Withered Waltz
0%
Fountain of Belleau Withered Wreath of Flowers
0%
The Shimmering Voyage, Vol. 3 With Witty Wit
0%
Where Roads Are Pledged to Cross With Zealous Passion We Rejoice
0%
Radiance Aflame Woven in the Smoke of Memory
0%
The Unfathomable Sand Dunes Wrathful Streaming Gold
0%
The Shimmering Voyage, Vol. 2 Wreck of Eternal Bane
0%
The Shimmering Voyage, Vol. 2 Yaksha's Reminiscence
0%
Cantus Aeternus Year of Tribulation
0%
Realm of Tranquil Eternity You Shall Not Tempt It
0%
Footprints of the Traveler Zephyr of the Violet Garden
0%
No matching quizzes found
Score Distribution
Percent of People with Each Score
Percentile by Number Answered
Your Score History
You have not taken this quiz